{"text_format":"3","workbook":"xlsx","n_sheets":3,"sheets":["LOTE 3P","Resumo","Cronograma"],"not_rendered":{"defined_names":1,"pivot_tables":2},"read":"whole","date_system":"1900"}

{"sheet":"LOTE 3P","index":0,"n_rows":384,"n_cols":15,"rows_kept":384,"merged":[[0,0,0,9],[1,0,1,1],[1,3,3,11]]}
[]
[{"$f":"D2","v":"LOTE 51/59/60/61/62 - (Novembro'25) - RC01 - 3P"},null,null,"LOTE 51/59/60/61/62 - (Novembro'25) - RC01 - 3P"]
["QUANTIDADE",{"$f":"E6","v":{"v":1122,"d":"1,122"}}]
["VALOR REF.",{"$f":"L6","v":{"v":49668.08,"d":"49,668.08"}}]
["OFERTA"]
[{"$nulls":4},{"$f":"SUM(E8:E384)","v":{"v":1122,"d":"1,122"}},{"$nulls":6},{"$f":"SUM(L8:L384)","v":{"v":49668.08,"d":"R$ 49,668.08"}}]
["Tipo","Endereço WMS","Código ML","Código RZ","Qtd","Condição\n(Grade)","Grupo","Descrição do Item","Seller","Vertical","Valor Unit","Valor Total","Categoria","Subcategoria","Type Seller"]
["Rezago","RO-0-002-003-00-00","GXDA22474","RZ-608681",1,"U",4593606,"Notebook 15,6 Everex Intel I5 6° Geraçao 8gb Ssd240gb Win 10","LOJAS CONTINENTAL","TECHNOLOGY",{"v":1557.49,"d":"R$ 1,557.49"},{"$f":"K8*E8","v":{"v":1557.49,"d":"R$ 1,557.49"}},"Informática","Portáteis e Acessórios","3P"]
["Rezago","RO-0-002-004-00-00","CHGY94994","RZ-604069",1,"U",4574300,"Máquina De Corte De Paredes 4000w Voltação 220v 6500r/m","SISI20240503201945","CONSTRUCTION & INDUSTRY",{"v":852.75,"d":"R$ 852.75"},{"v":852.75,"d":"R$ 852.75"},"Ferramentas","Ferramentas Elétricas","3P"]
["Retiro","RO-0-002-010-00-00","ZUCB46387","RZ-576007",1,"U",4566028,"Smartphone Motorola Moto G35 5g - 128gb 12gb (4gb Ram+8gb Ram Boost) E Camera 50mp Com Ai Nfc Tela 6.7  Com Superbrilho - Verde - Vegan Leather","123 COMPROU","TECHNOLOGY",{"v":688.01,"d":"R$ 688.01"},{"v":688.01,"d":"R$ 688.01"},"Celulares e Telefones","Celulares e Smartphones","3P"]
["Rezago","RO-0-002-004-00-00","OJUL57877","RZ-604069",1,"U",4574300,"Soundbar Barra De Som Com Subwoofer Home Theater Para Tv Preto","WW20241113115987","HOME ELECTRONICS",{"v":503.58,"d":"R$ 503.58"},{"v":503.58,"d":"R$ 503.58"},"Eletrônicos, Áudio e Vídeo","Áudio","3P"]
["Rezago","RO-0-002-003-00-00","CELH33437","RZ-608681",1,"U",4583344,"Máquina De Sexo Fuck Bdsm Erótica Automática Com 6 Pênis","SS20240918094158","HEALTH",{"v":464.64,"d":"R$ 464.64"},{"v":464.64,"d":"R$ 464.64"},"Mais Categorias","Adultos","3P"]
["Rezago","RO-0-002-003-00-00","MCVT80634","RZ-608681",1,"U",4583344,"Sal Marinho Barrak Salbr+ Prebióticos Probióticos 10kg","REEFSHOCK","CPG",{"v":378.68,"d":"R$ 378.68"},{"v":378.68,"d":"R$ 378.68"},"Pet Shop","Peixes","3P"]
["Retiro","RO-0-002-005-00-00","WXZJ98107","RZ-576035",1,"U",4566386,"Martelete Rompedor Perfurador 1350w Com 2 Baterias Maleta - Laranja - 50/60hz","MD20240902123900","CONSTRUCTION & INDUSTRY",{"v":316.27,"d":"R$ 316.27"},{"v":316.27,"d":"R$ 316.27"},"Ferramentas","Ferramentas Elétricas","3P"]
["Rezago","RO-0-002-003-00-00","LIIY56150","RZ-608681",1,"E",4593606,"Banco Industrial Madeira 1,50m Aço","LANEL","FURNISHING & HOUSEWARE",{"v":309.65,"d":"R$ 309.65"},{"v":309.65,"d":"R$ 309.65"},"Casa, Móveis e Decoração","Jardim e Ar Livre","3P"]
["Rezago","RO-0-002-003-00-00","XZEM10694","RZ-608681",3,"U",4593606,"Ferro A Vapor Série 5000 Dst5040 Preto Philips Walita","DESCONTO MAGAZINE","HOME ELECTRONICS",{"v":304.72,"d":"R$ 304.72"},{"v":914.16,"d":"R$ 914.16"},"Eletrodomésticos","Pequenos Eletrodomésticos","3P"]
["Rezago","RO-0-002-004-00-00","KVVV52422","RZ-604069",1,"U",4574300,"Nível Laser Verde De 16 Linhas 4d 360° Com App + Controle Remoto Otimoa Nível A Laser Profissional Autonivelante 3° Com 2 Baterias Recarregáveis + Visor Digital Para 40m Obras E Acabamento","JONASCOMPRAR","CONSTRUCTION & INDUSTRY",{"v":293.36,"d":"R$ 293.36"},{"v":293.36,"d":"R$ 293.36"},"Ferramentas","Medições e Instrumentação","3P"]
["Rezago","RO-0-002-003-00-00","MUKC12006","RZ-608681",1,"U",4593606,"Presépio Natalino Completo Realista 20cm 11 Peças Resina Enfeite Decorativas Festa Nascimento Jesus Sambalelê Artigos Para Festas E Descartáveis","UPNEXSTORE","FURNISHING & HOUSEWARE",{"v":275.46,"d":"R$ 275.46"},{"v":275.46,"d":"R$ 275.46"},"Casa, Móveis e Decoração","Enfeites e Decoração da Casa","3P"]
["Retiro","RO-0-002-010-00-00","DZXM67394","RZ-576007",1,"U",4566028,"Manta Líquida Impermeabilizante Para Laje Bautech 12kg Cinza","TINTASJA","CONSTRUCTION & INDUSTRY",{"v":250.49,"d":"R$ 250.49"},{"v":250.49,"d":"R$ 250.49"},"Construção","Loja das Tintas","3P"]
["Rezago","RO-0-002-003-00-00","QZJR59707","RZ-608681",1,"E",160967,"Cateter Periferico Jelco Iv 24g Angiocath Bd C/50","MEDIC ON","HEALTH",{"v":236.39,"d":"R$ 236.39"},{"v":236.39,"d":"R$ 236.39"},"Saúde","Equipamento Médico","3P"]
["Retiro","RO-0-002-005-00-00","JGJZ65748","RZ-576035",1,"U",4566386,"Relógio Feminino Technos Boutique Dourado Imediata","REALTIMES","FASHION",{"v":221.42,"d":"R$ 221.42"},{"v":221.42,"d":"R$ 221.42"},"Joias e Relógios","Relógios","3P"]
["Rezago","RO-0-002-003-00-00","OOIS32919","RZ-608681",1,"U",4593750,"Colonia Mascavo Perigot De 500ml Para Caes E Gatos","LATE CORAÇÃO","CPG",{"v":188.85,"d":"R$ 188.85"},{"v":188.85,"d":"R$ 188.85"},"Pet Shop","Cães","3P"]
["Rezago","RO-0-002-003-00-00","SDDE64731","RZ-608681",1,"U",4583344,"Capacete Fechado Mixs Fokker Joker Viseira Cristal","ETCETER CAPACETES","VEHICLE PARTS & ACCESSORIES",{"v":180.57,"d":"R$ 180.57"},{"v":180.57,"d":"R$ 180.57"},"Acessórios para Veículos","Aces. de Motos e Quadriciclos","3P"]
["Rezago","RO-0-002-003-00-00","SGSI65070","RZ-608681",1,"U",4583344,"Capacete Fechado Mixs Fokker Joker Viseira Cristal","ETCETER CAPACETES","VEHICLE PARTS & ACCESSORIES",{"v":180.57,"d":"R$ 180.57"},{"v":180.57,"d":"R$ 180.57"},"Acessórios para Veículos","Aces. de Motos e Quadriciclos","3P"]
["Rezago","RO-0-002-003-00-00","EKJF83259","RZ-608681",1,"U",160967,"Pressostato Komeco Ps1100 Clássico ( Pressão (10bar).","CHICCOSHOPPING","CONSTRUCTION & INDUSTRY",{"v":177.42,"d":"R$ 177.42"},{"v":177.42,"d":"R$ 177.42"},"Agro","Infra-estrutura Rural","3P"]
["Rezago","RO-0-002-003-00-00","VYZO70386","RZ-608681",1,"U",4593606,"Borracha Líquida Martins 4.3kgs - Cor Preto - Similar Decor","OBRAPREMIUM","CONSTRUCTION & INDUSTRY",{"v":166.92,"d":"R$ 166.92"},{"v":166.92,"d":"R$ 166.92"},"Construção","Loja das Tintas","3P"]
["Rezago","RO-0-002-003-00-00","LVEU24822","RZ-608681",1,"U",160967,"Mangueira Jardim 30m Tramontina Kit Esguicho E Suporte 1/2 Cor Verde/preto","SUPERVENDAS","CONSTRUCTION & INDUSTRY",{"v":156.79,"d":"R$ 156.79"},{"v":156.79,"d":"R$ 156.79"},"Casa, Móveis e Decoração","Jardim e Ar Livre","3P"]
["Rezago","RO-0-002-003-00-00","OXPB82849","RZ-608681",1,"U",4582776,"Jogo 6 Taças Cristal Titanium Vinho Tinto 560ml Xtra Bohemia Cor Incolor Luxo Crystal Sommelier Quadrada Cristalex -jhamba","GOGUPO_ATACADO","FURNISHING & HOUSEWARE",{"v":149.97,"d":"R$ 149.97"},{"v":149.97,"d":"R$ 149.97"},"Casa, Móveis e Decoração","Cozinha","3P"]
["Retiro","RO-0-002-010-00-00","OWIQ95762","RZ-576007",19,"U",4566028,"Piscina Retangular Pequena 1000 Litros Portátil - Mor","4FITNESS","CONSTRUCTION & INDUSTRY",{"v":146.73,"d":"R$ 146.73"},{"v":2787.87,"d":"R$ 2,787.87"},"Casa, Móveis e Decoração","Jardim e Ar Livre","3P"]
["Rezago","RO-0-002-003-00-00","BRKT99709","RZ-608681",1,"U",160967,"Panela Espagueteira 2 Em 1 De Alumínio 6 Litros - Dona","MLM VENDAS","FURNISHING & HOUSEWARE",{"v":146.33,"d":"R$ 146.33"},{"v":146.33,"d":"R$ 146.33"},"Casa, Móveis e Decoração","Cozinha","3P"]
["Rezago","RO-0-002-003-00-00","YBJP70477","RZ-608681",1,"U",4593750,"Jogo 6 Taças Cristal Titanium Vinho Tinto 360ml Xtra Bohemia Cor Incolor Luxo Crystal Sommelier Quadrada Cristalex -jhamba","GOGUPO_ATACADO","FURNISHING & HOUSEWARE",{"v":141.41,"d":"R$ 141.41"},{"v":141.41,"d":"R$ 141.41"},"Casa, Móveis e Decoração","Cozinha","3P"]
["Rezago","RO-0-002-003-00-00","YGRK20887","RZ-608681",1,"U",4582776,"Jogo 6 Taças De Cristal Linha Xtra Titanium 460ml Para Vinho Tinto Ou Branco Cor Transparente Alta Qualidade Elegância Para Mesa Posta Jantares - Jhamba","GOGUPO_DISTRIBUIDORA","FURNISHING & HOUSEWARE",{"v":137.69,"d":"R$ 137.69"},{"v":137.69,"d":"R$ 137.69"},"Casa, Móveis e Decoração","Cozinha","3P"]
["Rezago","RO-0-002-003-00-00","KEKJ29148","RZ-608681",2,"U",4593606,"Bodyaction Isolate Definition 1,8kg Protein Isolate Morango","UNIVERSODOSSUPLEMENTOSATACADO","HEALTH",{"v":136.31,"d":"R$ 136.31"},{"v":272.62,"d":"R$ 272.62"},"Saúde","Suplementos Alimentares","3P"]
["Retiro","RO-0-002-010-00-00","GHMM38431","RZ-576007",1,"U",4566028,"6 Taças Cristal Titanium Vinho Tinto 600ml Bohemia Cor Incolor","GOGUPO_ATACADO","FURNISHING & HOUSEWARE",{"v":136.29,"d":"R$ 136.29"},{"v":136.29,"d":"R$ 136.29"},"Casa, Móveis e Decoração","Cozinha","3P"]
["Retiro","RO-0-002-005-00-00","ZSIA19416","RZ-576035",9,"E",4566386,"Kit 4 Óleos Motor Mobil Super 5w30 Sintético D1","LMAUTOPARTSDISTRIBUIDORALT","VEHICLE PARTS & ACCESSORIES",{"v":132.3,"d":"R$ 132.30"},{"v":1190.7,"d":"R$ 1,190.70"},"Acessórios para Veículos","Peças de Carros e Caminhonetes","3P"]
["Rezago","RO-0-002-003-00-00","TRGL58007","RZ-608681",1,"U",4583344,"6 Taças De Cristal Vinho Branco 360ml Linha Xtra Bohemia","PREMIERCASAESTILO","FURNISHING & HOUSEWARE",{"v":131.34,"d":"R$ 131.34"},{"v":131.34,"d":"R$ 131.34"},"Casa, Móveis e Decoração","Cozinha","3P"]
["Rezago","RO-0-002-003-00-00","KZCN28685","RZ-608681",1,"U",4593606,"Isolate Definition 1,8kg Bodyaction Sabor Chocolate","UNIVERSODOSSUPLEMENTOSATACADO","HEALTH",{"v":127.6,"d":"R$ 127.60"},{"v":127.6,"d":"R$ 127.60"},"Saúde","Suplementos Alimentares","3P"]
["Retiro","RO-0-002-010-00-00","SOIJ37905","RZ-576007",1,"U",4566028,"6 Taças Wolff Alex De Vinho De Cristal Ecológico 400ml","GOGUPO_ATACADO","FURNISHING & HOUSEWARE",{"v":123.9,"d":"R$ 123.90"},{"v":123.9,"d":"R$ 123.90"},"Casa, Móveis e Decoração","Cozinha","3P"]
["Retiro","RO-0-002-010-00-00","QCXT59559","RZ-576007",1,"U",4566028,"Jogo 6 Copos De Cristal Para Whisky Bohemia 320ml Cor Transparente","PREMIERCASAESTILO","FURNISHING & HOUSEWARE",{"v":122.13,"d":"R$ 122.13"},{"v":122.13,"d":"R$ 122.13"},"Casa, Móveis e Decoração","Cozinha","3P"]
["Rezago","RO-0-002-004-00-00","ZSZO25687","RZ-354321",1,"C",4398074,"Jogo Copos Vidro Caipirinha Ilhabela Nadir 350ml 12un Cor Transparente","BYCKS","FURNISHING & HOUSEWARE",{"v":118.59,"d":"R$ 118.59"},{"v":118.59,"d":"R$ 118.59"},"Casa, Móveis e Decoração","Cozinha","3P"]
["Rezago","RO-0-002-003-00-00","PSUC87264","RZ-608681",1,"U",4583344,"Meoky Copo Térmico 1200ml Com Quente/frio Anti-vazamento","CT20241122131209","SPORTS",{"v":114.69,"d":"R$ 114.69"},{"$f":"K41*E41","v":{"v":114.69,"d":"R$ 114.69"}},"Esportes e Fitness","Camping, Caça e Pesca","3P"]
["Rezago","RO-0-002-003-00-00","BRJN94034","RZ-608681",1,"C",4583344,"Meoky Copo Térmico 1200ml Com Quente/frio Anti-vazamento","CT20241122131209","SPORTS",{"v":114.69,"d":"R$ 114.69"},{"v":114.69,"d":"R$ 114.69"},"Esportes e Fitness","Camping, Caça e Pesca","3P"]
["Rezago","RO-0-002-003-00-00","QMPL80938","RZ-608681",2,"U",4593606,"Torneira De Filtro Bica Móvel Junior C-33 Metal Prateado","SENIORMETAISSANITRIOSLTDA","CONSTRUCTION & INDUSTRY",{"v":112.98,"d":"R$ 112.98"},{"v":225.96,"d":"R$ 225.96"},"Casa, Móveis e Decoração","Móveis para Casa","3P"]
["Retiro","RO-0-002-010-00-00","ALHS17211","RZ-576007",1,"U",4566028,"Kit 10 Potes Vidro 640ml Hermético Marmita Forno Refratário Marmita De Vidro Com Tampa Rishon","NUVIMULTI","FURNISHING & HOUSEWARE",{"v":111.34,"d":"R$ 111.34"},{"v":111.34,"d":"R$ 111.34"},"Casa, Móveis e Decoração","Cozinha","3P"]
["Rezago","RO-0-002-004-00-00","YMZK11155","RZ-604069",3,"U",4574300,"2 Kit Caixa Anél Vedação O-ring Milímetro Polegada Nitrílica - Vermelho/azul","WW20250626091959","CONSTRUCTION & INDUSTRY",{"v":108.4,"d":"R$ 108.40"},{"v":325.2,"d":"R$ 325.20"},"Ferramentas","Ferramentas Manuais","3P"]
["Rezago","RO-0-002-003-00-00","ABPC63918","RZ-608681",1,"U",160967,"Tinta Premium Para Pisos E Telhas Lavável Anjo 3,6l Cores","MOGICORESTINTASEMATERIAIS","CONSTRUCTION & INDUSTRY",{"v":105.32,"d":"R$ 105.32"},{"v":105.32,"d":"R$ 105.32"},"Construção","Loja das Tintas","3P"]
["Rezago","RO-0-002-003-00-00","HAIR30332","RZ-608681",6,"D",4583344,"Kit 6 Potes D Vidro 640ml Hermético Micro-ondas E Geladeira Branco","NAKAIMPORTS","FURNISHING & HOUSEWARE",{"v":105.23,"d":"R$ 105.23"},{"v":631.38,"d":"R$ 631.38"},"Casa, Móveis e Decoração","Cozinha","3P"]
["Retiro","RO-0-002-010-00-00","NKWC73175","RZ-576007",1,"E",4566028,"Tinta Corante Inktec Profeel E0017 4 Unidade De 250ml Tinta Cyan Magenta Yellow Black","TIN_COLOR","TECHNOLOGY",{"v":104.96,"d":"R$ 104.96"},{"v":104.96,"d":"R$ 104.96"},"Informática","Impressão","3P"]
["Retiro","RO-0-002-010-00-00","NZUM40399","RZ-576007",2,"U",4566028,"Filtro Interno Aquário Com Bomba Oxigenador 1200 L/h 25w","SE20250219113928","CPG",{"v":104.74,"d":"R$ 104.74"},{"v":209.48,"d":"R$ 209.48"},"Pet Shop","Peixes","3P"]
["Rezago","RO-0-002-004-00-00","BVBJ73326","RZ-354321",2,"E",4398072,"Prohn Probiótico Com 30 Cápsulas Sabor Neutro","GRUPOOUTLET2","HEALTH",{"v":104.72,"d":"R$ 104.72"},{"v":209.44,"d":"R$ 209.44"},"Esportes e Fitness","Suplementos e Shakers","3P"]
["Retiro","RO-0-002-010-00-00","VSCV68073","RZ-576007",1,"E",4566028,"Principia Kit Anti-oleosidade Ps","PRINCIPIA SKINCARE","BEAUTY",{"v":103.8,"d":"R$ 103.80"},{"$f":"K51*E51","v":{"v":103.8,"d":"R$ 103.80"}},"Beleza e Cuidado Pessoal","Cuidados com a Pele","3P"]
["Rezago","RO-0-002-004-00-00","KMBD57934","RZ-354321",2,"E",4398072,"1kg Resina Epóxi Baixa Viscosidade (resina E Endurecedor)","REAL EPÓXI","OTHERS",{"v":103.71,"d":"R$ 103.71"},{"v":207.42,"d":"R$ 207.42"},"Arte, Papelaria e Armarinho","Arte e Trabalhos Manuais","3P"]
["Rezago","RO-0-002-004-00-00","XQEI88280","RZ-354321",1,"E",4398072,"Potinho Para Molho Pote De Molho 30ml Com Tampa 700un - Trasparente","FEST PAULI","FURNISHING & HOUSEWARE",{"v":102.77,"d":"R$ 102.77"},{"v":102.77,"d":"R$ 102.77"},"Casa, Móveis e Decoração","Cozinha","3P"]
["Rezago","RO-0-002-004-00-00","WJMZ67373","RZ-604069",6,"U",4574300,"Refil Filtro Interno Bebedouro E Purificador Purestil Begel","SO1CLICOMELETROELETRONICOS","FURNISHING & HOUSEWARE",{"v":98.53,"d":"R$ 98.53"},{"$f":"K54*E54","v":{"v":591.18,"d":"R$ 591.18"}},"Eletrodomésticos","Bebedouros e Purificadores","3P"]
["Retiro","RO-0-002-010-00-00","WDVC92067","RZ-576007",1,"U",4566028,"Porta Tempero Giratório 360 Em Inox Redondo 16 Potes Vidro E Tampa Inox","SEVENMPBRASIL","FURNISHING & HOUSEWARE",{"v":95.49,"d":"R$ 95.49"},{"v":95.49,"d":"R$ 95.49"},"Casa, Móveis e Decoração","Cozinha","3P"]
["Retiro","RO-0-002-005-00-00","YGRK73548","RZ-576035",14,"U",4566386,"Kit 2 Aditivo Radiador Paraflu Rosa 5l Água Desmineralizada","LMAUTOPARTSDISTRIBUIDORALT","VEHICLE PARTS & ACCESSORIES",{"v":93.27,"d":"R$ 93.27"},{"v":1305.78,"d":"R$ 1,305.78"},"Acessórios para Veículos","Lubrificantes e Fluidos","3P"]
["Rezago","RO-0-002-004-00-00","SISC87388","RZ-604069",1,"U",4574300,"Creatina Monohidratada Pura 1kg Dark Lab Unidade Sem Sabor","DARKLAB","HEALTH",{"v":91.87,"d":"R$ 91.87"},{"v":91.87,"d":"R$ 91.87"},"Saúde","Suplementos Alimentares","3P"]
["Rezago","RO-0-002-004-00-00","TSZG81130","RZ-354321",1,"C",4398074,"Kit 60 Capas E Parafusos Vedação Fixação Telha Pvc Colonial","EAGLEEAGLE20230123154121","CONSTRUCTION & INDUSTRY",{"v":90.64,"d":"R$ 90.64"},{"v":90.64,"d":"R$ 90.64"},"Construção","Materiais de Obra","3P"]
["Retiro","RO-0-002-010-00-00","JGHG70355","RZ-576007",2,"U",4566028,"Kit 8 Luminaria Solar Jardim Com Sensor Externa Prova D'água","FEFE20240419233709","CONSTRUCTION & INDUSTRY",{"v":90.39,"d":"R$ 90.39"},{"$f":"K59*E59","v":{"v":180.78,"d":"R$ 180.78"}},"Casa, Móveis e Decoração","Iluminação Residencial","3P"]
["Rezago","RO-0-002-003-00-00","VADD21608","RZ-608681",1,"U",4592800,"Macaco Hidráulico Tipo Garrafa De 5 Toneladas Com Elevação","AA20240527122903","VEHICLE PARTS & ACCESSORIES",{"v":88.99,"d":"R$ 88.99"},{"v":88.99,"d":"R$ 88.99"},"Acessórios para Veículos","Ferramentas para Veículos","3P"]
["Rezago","RO-0-002-003-00-00","VWHK33999","RZ-608681",1,"U",4583344,"6 Taças De Água Wolff Com Fio Dourado Greek De Vidro 345ml Cor Transparente","PREMIERCASAESTILO","FURNISHING & HOUSEWARE",{"v":88.5,"d":"R$ 88.50"},{"v":88.5,"d":"R$ 88.50"},"Casa, Móveis e Decoração","Cozinha","3P"]
["Rezago","RO-0-002-003-00-00","QEDJ12145","RZ-608681",1,"U",160967,"Hydrox Pro Vonixx Coating Cerâmico Hidrorreativo 500ml 1:60","CCAPRODUTOSAUTOMOTIVOS","CPG",{"v":86.58,"d":"R$ 86.58"},{"v":86.58,"d":"R$ 86.58"},"Acessórios para Veículos","Limpeza Automotiva","3P"]
["Retiro","RO-0-002-010-00-00","SWBA29890","RZ-576007",1,"U",4566028,"Shampoo Cachos Naturais 1l - Arvensis","AR321MAKI","BEAUTY",{"v":85.91,"d":"R$ 85.91"},{"v":85.91,"d":"R$ 85.91"},"Beleza e Cuidado Pessoal","Cuidados com o Cabelo","3P"]
["Rezago","RO-0-002-004-00-00","WFKJ92079","RZ-604069",1,"U",4567064,"Uomini Black Desodorante Colônia O Boticário - 100ml","OBOTICARIOOFICIAL","BEAUTY",{"v":82.9,"d":"R$ 82.90"},{"v":82.9,"d":"R$ 82.90"},"Beleza e Cuidado Pessoal","Perfumes","3P"]
["Rezago","RO-0-002-004-00-00","IBHA05087","RZ-604069",10,"U",4574300,"Filtro Refil Bebedouro Pressão Begel Modelo Brx40,brx80","SO1CLICOMELETROELETRONICOS","FURNISHING & HOUSEWARE",{"v":82.66,"d":"R$ 82.66"},{"v":826.6,"d":"R$ 826.60"},"Eletrodomésticos","Bebedouros e Purificadores","3P"]
["Rezago","RO-0-002-003-00-00","XZCZ48083","RZ-608681",1,"U",4593606,"Porta Tempero Giratório Inox 20 Potes Vidro Dosador Cozinha","DANILAR UTILIDADES","FURNISHING & HOUSEWARE",{"v":82.36,"d":"R$ 82.36"},{"v":82.36,"d":"R$ 82.36"},"Casa, Móveis e Decoração","Cozinha","3P"]
["Retiro","RO-0-002-005-00-00","YMUL91589","RZ-576035",1,"U",4566386,"Hipercalorico Dark Mass - 3kg - Dark Lab Sabor Chocolate","DARKLAB","HEALTH",{"v":81.73,"d":"R$ 81.73"},{"v":81.73,"d":"R$ 81.73"},"Saúde","Suplementos Alimentares","3P"]
["Rezago","RO-0-002-004-00-00","LBRU91625","RZ-354321",1,"E",4398072,"Suplemento Em Cápsulas Sundown Naturals Encapsulados Vitaminas Sabor Em Pote 120 Un","GRUPOOUTLET2","HEALTH",{"v":81.43,"d":"R$ 81.43"},{"v":81.43,"d":"R$ 81.43"},"Esportes e Fitness","Suplementos e Shakers","3P"]
["Rezago","RO-0-002-003-00-00","YVEY21373","RZ-608681",1,"U",4582776,"Banho Perfumado Bambou Oriental 350 Ml Mahogany","MAHOGANY_OFICIAL","BEAUTY",{"v":77.72,"d":"R$ 77.72"},{"$f":"K69*E69","v":{"v":77.72,"d":"R$ 77.72"}},"Beleza e Cuidado Pessoal","Perfumes","3P"]
["Rezago","RO-0-002-003-00-00","JKOZ11642","RZ-608681",1,"U",4583344,"Powcan Caneca Com Alça Dupla De  Com Canudo 1200 Ml","CT20241122131209","SPORTS",{"v":74.15,"d":"R$ 74.15"},{"v":74.15,"d":"R$ 74.15"},"Esportes e Fitness","Camping, Caça e Pesca","3P"]
["Retiro","RO-0-002-010-00-00","EKJF07407","RZ-576007",1,"C",4566028,"Jogo De Soquete Estrela Fêmea Torx Fêmea 14 Pçs Azul","SISI20240503201945","CONSTRUCTION & INDUSTRY",{"v":70.44,"d":"R$ 70.44"},{"v":70.44,"d":"R$ 70.44"},"Ferramentas","Ferramentas Manuais","3P"]
["Rezago","RO-0-002-003-00-00","VWVL19191","RZ-608681",1,"U",4582776,"Huggies Tripla Proteção Fralda G 78 Unidades","MIDASCOSMETICO","CPG",{"v":67.64,"d":"R$ 67.64"},{"v":67.64,"d":"R$ 67.64"},"Bebês","Higiene e Cuidados com o Bebê","3P"]
["Rezago","RO-0-002-004-00-00","GEUA44469","RZ-604069",9,"U",4574300,"Inalador Nebulizador Para Inalação Bebe E Adultos Branco","ALEXANDRE_AND2013","HEALTH",{"v":65.56,"d":"R$ 65.56"},{"v":590.04,"d":"R$ 590.04"},"Saúde","Cuidado da Saúde","3P"]
["Rezago","RO-0-002-004-00-00","YQDB83053","RZ-354321",1,"E",4398072,"Kit Design Sobrancelha 30 Agulhas Micro Easy 1ponta 0.30mm","VEXSTORE","BEAUTY",{"v":62.68,"d":"R$ 62.68"},{"v":62.68,"d":"R$ 62.68"},"Beleza e Cuidado Pessoal","Maquiagem","3P"]
["Rezago","RO-0-002-003-00-00","SBAW83817","RZ-608681",1,"D",4583344,"Creme Acetinado Hidratant Lily O Boticário Versão Exclusiva","LARALIMA COSMÉTICOS","BEAUTY",{"v":62.68,"d":"R$ 62.68"},{"$f":"K75*E75","v":{"v":62.68,"d":"R$ 62.68"}},"Beleza e Cuidado Pessoal","Cuidados com a Pele","3P"]
["Rezago","RO-0-002-003-00-00","AEOR44022","RZ-608681",1,"U",4583344,"Paraflu Aditivo De Radiador Pronto Para Usar 5 Litros Rosa Rosa","PRINCEDISTRIBUIDORA","VEHICLE PARTS & ACCESSORIES",{"v":62.68,"d":"R$ 62.68"},{"v":62.68,"d":"R$ 62.68"},"Acessórios para Veículos","Lubrificantes e Fluidos","3P"]
["Rezago","RO-0-002-003-00-00","SGDW77772","RZ-608681",1,"U",4583344,"Jogo De 6 Taças 450ml Vidro Reforçado Sobremesa Açai Sorvete","DIAMOND AUTOMOTIVO","FURNISHING & HOUSEWARE",{"v":62.14,"d":"R$ 62.14"},{"v":62.14,"d":"R$ 62.14"},"Casa, Móveis e Decoração","Cozinha","3P"]
["Rezago","RO-0-002-004-00-00","EJNA18741","RZ-354321",1,"E",4398072,"Tinta Acrílica Anti Mofo Coral Fosco 3,6l Escolha A Cor","MAGAZINE SAVANA","CONSTRUCTION & INDUSTRY",{"v":61.38,"d":"R$ 61.38"},{"v":61.38,"d":"R$ 61.38"},"Arte, Papelaria e Armarinho","Materiais Escolares","3P"]
["Retiro","RO-0-002-010-00-00","PIPU78281","RZ-576007",3,"U",4566028,"Borracha Liquida Solução Total Eurodecor 4kg Acabamento Acetinado Branco/neve","OUTLET_DAS_CORES","CONSTRUCTION & INDUSTRY",{"v":61.38,"d":"R$ 61.38"},{"$f":"K79*E79","v":{"v":184.14,"d":"R$ 184.14"}},"Construção","Loja das Tintas","3P"]
["Rezago","RO-0-002-003-00-00","VAGV00683","RZ-608681",1,"U",4582776,"Pretorian Suplemento Whey Protein Isolado Iso Protein Blend Complex Proteínas Iso Sabor Morango Pote De 2kg Em Po","MUSCLEBOX","HEALTH",{"v":60.65,"d":"R$ 60.65"},{"v":60.65,"d":"R$ 60.65"},"Saúde","Suplementos Alimentares","3P"]
["Retiro","RO-0-002-005-00-00","MOYK81241","RZ-576035",1,"U",4566386,"Whey Protein Isolado Iso Blend Complex 2kg Pretorian","MUSCLEBOX","HEALTH",{"v":60.65,"d":"R$ 60.65"},{"v":60.65,"d":"R$ 60.65"},"Saúde","Suplementos Alimentares","3P"]
["Rezago","RO-0-002-004-00-00","YIHI48374","RZ-354321",1,"C",4398074,"Jogo De 6 Taças 450ml Vidro Reforçado Sobremesa Açai Sorvete","RLEECOMM","FURNISHING & HOUSEWARE",{"v":59.62,"d":"R$ 59.62"},{"v":59.62,"d":"R$ 59.62"},"Casa, Móveis e Decoração","Cozinha","3P"]
["Rezago","RO-0-002-003-00-00","RTNR39878","RZ-608681",1,"U",4582776,"Lorenzetti Maxi Ducha Ultra Branco 5500w","MINEIRO MADEIRAS","CONSTRUCTION & INDUSTRY",{"v":59.54,"d":"R$ 59.54"},{"$f":"K83*E83","v":{"v":59.54,"d":"R$ 59.54"}},"Casa, Móveis e Decoração","Banheiros","3P"]
["Rezago","RO-0-002-003-00-00","ANKE62518","RZ-608681",2,"E",4593606,"Organizador De Gaveta Porta Talheres Com Extensor Cozinha","CC20250612124556","FURNISHING & HOUSEWARE",{"v":58.55,"d":"R$ 58.55"},{"v":117.1,"d":"R$ 117.10"},"Casa, Móveis e Decoração","Cozinha","3P"]
["Retiro","RO-0-002-010-00-00","BSHY37017","RZ-576007",1,"C",4566028,"Tranoy Arco Desconstruido Pack 200 Globos Dourado E Rosa","TRNCOM","T & B",{"v":58.22,"d":"R$ 58.22"},{"v":58.22,"d":"R$ 58.22"},"Festas e Lembrancinhas","Decoração de Festa","3P"]
["Rezago","RO-0-002-003-00-00","WBPG22102","RZ-608681",10,"E",4593606,"Progressiva Vulcânica 1l - Alkimia Cosmetics","SHADAYCOSMETICOSSHADAYCOSMET","BEAUTY",{"v":57.66,"d":"R$ 57.66"},{"v":576.6,"d":"R$ 576.60"},"Beleza e Cuidado Pessoal","Cuidados com o Cabelo","3P"]
["Retiro","RO-0-002-010-00-00","STUW20008","RZ-576007",1,"U",4566028,"Pet Milk 100g Para Cães E Gatos(substituto Do Leite Materno)","MEGAZC","CPG",{"v":56.89,"d":"R$ 56.89"},{"v":56.89,"d":"R$ 56.89"},"Pet Shop","Cães","3P"]
["Rezago","RO-0-002-003-00-00","BTWM89735","RZ-608681",1,"U",4583344,"Conjunto 5 Pote Vidro Hermética Quentinha Marmita 640ml Vermelho","RRSTORE_","FURNISHING & HOUSEWARE",{"v":55.11,"d":"R$ 55.11"},{"v":55.11,"d":"R$ 55.11"},"Casa, Móveis e Decoração","Cozinha","3P"]
["Rezago","RO-0-002-004-00-00","PJZE90981","RZ-604069",1,"U",4574300,"Yab - Kit 5 Potes De Vidro Marmita C/ Tampa Hermético 640ml Retangular 4 Travas Borossilicato Alimentos Micro-ondas Freezer Geladeira","SSD.PRESENTES","FURNISHING & HOUSEWARE",{"v":55.03,"d":"R$ 55.03"},{"v":55.03,"d":"R$ 55.03"},"Casa, Móveis e Decoração","Cozinha","3P"]
["Rezago","RO-0-002-003-00-00","GJRN43172","RZ-608681",1,"U",4593606,"Whey Concentrado Refil 1kg Sabor Cookies - Ftw","FTW FITOWAYLABS","HEALTH",{"v":54.84,"d":"R$ 54.84"},{"v":54.84,"d":"R$ 54.84"},"Saúde","Suplementos Alimentares","3P"]
["Retiro","RO-0-002-010-00-00","SPFJ93517","RZ-576007",1,"U",4566028,"Whey One Protein Proteína Sachê Refil 900g - Dark Lab Sabor Chocolate","DARKLAB","HEALTH",{"v":54.76,"d":"R$ 54.76"},{"v":54.76,"d":"R$ 54.76"},"Saúde","Suplementos Alimentares","3P"]
["Rezago","RO-0-002-004-00-00","LDJE64783","RZ-354321",2,"C",4398074,"Selador Acrílico De Parede Eucatex 3,6 Litros Branco","CHROMATATINTAS","CONSTRUCTION & INDUSTRY",{"v":54.39,"d":"R$ 54.39"},{"v":108.78,"d":"R$ 108.78"},"Construção","Loja das Tintas","3P"]
["Rezago","RO-0-002-003-00-00","ISZR08102","RZ-608681",1,"U",4582776,"Clarificante Floculante Hidrofloc Tripla Ação Hidroall 5 Lt","EQUIPOOLS PISCINAS","CONSTRUCTION & INDUSTRY",{"v":54.07,"d":"R$ 54.07"},{"$f":"K93*E93","v":{"v":54.07,"d":"R$ 54.07"}},"Casa, Móveis e Decoração","Jardim e Ar Livre","3P"]
["Rezago","RO-0-002-004-00-00","SZAU96841","RZ-604069",1,"U",4574300,"Aspersor Automatico 30m Alcance Ajustável Giratório 360°","WW20241209220152","CONSTRUCTION & INDUSTRY",{"v":54.06,"d":"R$ 54.06"},{"v":54.06,"d":"R$ 54.06"},"Casa, Móveis e Decoração","Jardim e Ar Livre","3P"]
["Rezago","RO-0-002-004-00-00","WRPV94956","RZ-354321",3,"E",4398072,"Kit 5 Whey Concentrado Sachês Sabor Único Sem Sabor Full","TODAVIDA3","HEALTH",{"v":53.88,"d":"R$ 53.88"},{"v":161.64,"d":"R$ 161.64"},"Saúde","Suplementos Alimentares","3P"]
["Rezago","RO-0-002-003-00-00","SMRL86516","RZ-608681",2,"U",4582776,"Boleira Vitazza Bico De Jaca Com Pé 28cm - Ref.1770 Cor Branco","RYGROUP","FURNISHING & HOUSEWARE",{"v":53.77,"d":"R$ 53.77"},{"$f":"K96*E96","v":{"v":107.54,"d":"R$ 107.54"}},"Casa, Móveis e Decoração","Cozinha","3P"]
["Rezago","RO-0-002-004-00-00","MBFQ74087","RZ-604069",4,"U",4567064,"Spray Limpador Deck Piso Eva 500ml Embarcação Lancha","MARDEKBORRACHAS","VEHICLE PARTS & ACCESSORIES",{"v":53.61,"d":"R$ 53.61"},{"v":214.44,"d":"R$ 214.44"},"Acessórios para Veículos","Limpeza Automotiva","3P"]
["Rezago","RO-0-002-004-00-00","BUCN86657","RZ-354321",1,"E",4398072,"Kit 2 Vitamina K2 400mg 120 Caps Total Original Mk7 Provitta Sem Sabor","2013ABB","HEALTH",{"v":53.59,"d":"R$ 53.59"},{"v":53.59,"d":"R$ 53.59"},"Esportes e Fitness","Suplementos e Shakers","3P"]
["Retiro","RO-0-002-005-00-00","BVHQ72163","RZ-576035",1,"U",4566386,"Jogo 24 Copos De Vidro Olé Dose Shot Cachaça E Tequila 60ml Cor Transparente","OBOIMPORTS","FURNISHING & HOUSEWARE",{"v":52.39,"d":"R$ 52.39"},{"$f":"K99*E99","v":{"v":52.39,"d":"R$ 52.39"}},"Casa, Móveis e Decoração","Cozinha","3P"]
["Rezago","RO-0-002-004-00-00","WYWE99212","RZ-354321",1,"C",4398074,"Sacola Kraft Delivery 31x19x30 ( 50unid Direto Da Fábrica )","SACOLA KRAFT","CONSTRUCTION & INDUSTRY",{"v":50.85,"d":"R$ 50.85"},{"v":50.85,"d":"R$ 50.85"},"Indústria e Comércio","Publicidade e Promoção","3P"]
["Rezago","RO-0-002-003-00-00","MTTB10639","RZ-608681",1,"U",160967,"500 Folhas De Papel Sulfite Report Premium 75g/m² A3 Cor Branco","QUALITY 01","CONSTRUCTION & INDUSTRY",{"v":50.77,"d":"R$ 50.77"},{"$f":"K101*E101","v":{"v":50.77,"d":"R$ 50.77"}},"Arte, Papelaria e Armarinho","Materiais Escolares","3P"]
["Rezago","RO-0-002-004-00-00","VRLB42633","RZ-354321",1,"C",4398594,"2x Glifosato Mata Mato Forte Líquido - O Melhor Do Mercado","ALLIANCE STOREBR","CONSTRUCTION & INDUSTRY",{"v":50.69,"d":"R$ 50.69"},{"v":50.69,"d":"R$ 50.69"},"Casa, Móveis e Decoração","Jardim e Ar Livre","3P"]
["Rezago","RO-0-002-004-00-00","LBRU84212","RZ-604069",1,"U",4574300,"2 Licoreira Vidro Retro Garrafa Whisky Bar Bistro Luxo Licor","CENTERLAR UTILIDADES","FURNISHING & HOUSEWARE",{"v":50.68,"d":"R$ 50.68"},{"$f":"K103*E103","v":{"v":50.68,"d":"R$ 50.68"}},"Casa, Móveis e Decoração","Cozinha","3P"]
["Rezago","RO-0-002-004-00-00","IBHA30996","RZ-604069",1,"U",4567064,"Jogo De Taças Com 6 Peças Vidro Colorida 330ml Cor Rosa","LOJA TEEMBRASIL","FURNISHING & HOUSEWARE",{"v":49.8,"d":"R$ 49.80"},{"v":49.8,"d":"R$ 49.80"},"Casa, Móveis e Decoração","Cozinha","3P"]
["Rezago","RO-0-002-004-00-00","KXUD34433","RZ-604069",1,"U",4574300,"Copo Para Liquidificador Philco Ph900 / Ph700 Preto 2 L","UDDOLAR","HOME ELECTRONICS",{"v":49.59,"d":"R$ 49.59"},{"v":49.59,"d":"R$ 49.59"},"Eletrodomésticos","Pequenos Eletrodomésticos","3P"]
["Retiro","RO-0-002-005-00-00","UHOF53185","RZ-576035",1,"U",4566386,"Kit Polimento E Restauração Farol Automotivo Envio Imediato","TM INFINITY","CONSTRUCTION & INDUSTRY",{"v":49.08,"d":"R$ 49.08"},{"v":49.08,"d":"R$ 49.08"},"Acessórios para Veículos","Limpeza Automotiva","3P"]
["Rezago","RO-0-002-003-00-00","HSXJ07098","RZ-608681",1,"E",4593606,"Kit 12 Tintas Guache Cores Variadas 250ml Piratininga","MAPU","CONSTRUCTION & INDUSTRY",{"v":49,"d":"R$ 49.00"},{"v":49,"d":"R$ 49.00"},"Arte, Papelaria e Armarinho","Materiais Escolares","3P"]
["Rezago","RO-0-002-003-00-00","HAQM14198","RZ-608681",1,"U",4583344,"Jarra De Vidro Borossilicato Com Tampa De Bambu 1,5l","NATA_HOME","FURNISHING & HOUSEWARE",{"v":48.92,"d":"R$ 48.92"},{"v":48.92,"d":"R$ 48.92"},"Casa, Móveis e Decoração","Cozinha","3P"]
["Rezago","RO-0-002-004-00-00","BHEI45505","RZ-354321",1,"E",4398072,"Kit Limpeza Pesada Solupan E Limpa Baú 5 Litros Cada","LIBRA123","VEHICLE PARTS & ACCESSORIES",{"v":48.59,"d":"R$ 48.59"},{"v":48.59,"d":"R$ 48.59"},"Acessórios para Veículos","Limpeza Automotiva","3P"]
["Rezago","RO-0-002-003-00-00","VAPE98842","RZ-608681",1,"U",4582776,"Creatina Monohidratada 100% Pura 500g - Absolut Nutrition Sabor Sem Sabor","BLACKGHOSTSUPLEMENTOS","HEALTH",{"v":47.32,"d":"R$ 47.32"},{"$f":"K110*E110","v":{"v":47.32,"d":"R$ 47.32"}},"Esportes e Fitness","Suplementos e Shakers","3P"]
["Retiro","RO-0-002-010-00-00","RBLN76346","RZ-576007",3,"D",4566028,"Kit 8 Fitas Coloridas Rotuladora Brother Pt70 Pt80 Pt90 12mm Kit Com 8 Cores Diferentes","ASPENTECNOLOGIA","CONSTRUCTION & INDUSTRY",{"v":46.37,"d":"R$ 46.37"},{"v":139.11,"d":"R$ 139.11"},"Indústria e Comércio","Equipamento para Comércios","3P"]
["Rezago","RO-0-002-003-00-00","JJHC42646","RZ-608681",1,"U",160967,"Kit 5 Corantes 100ml Cosmético Para Sabonetes  Aromatizantes","CASA NAPRATICA","CONSTRUCTION & INDUSTRY",{"v":46.31,"d":"R$ 46.31"},{"v":46.31,"d":"R$ 46.31"},"Arte, Papelaria e Armarinho","Materiais Escolares","3P"]
["Rezago","RO-0-002-003-00-00","KPKQ82444","RZ-608681",1,"U",4593606,"Removedor De Cola Piche Desengordurante Strike 500ml Vonixx","CCAPRODUTOSAUTOMOTIVOS","CPG",{"v":46.06,"d":"R$ 46.06"},{"v":46.06,"d":"R$ 46.06"},"Acessórios para Veículos","Limpeza Automotiva","3P"]
["Rezago","RO-0-002-003-00-00","LXOO98078","RZ-608681",1,"U",4582776,"Kit Esmalte Risque Atacado Manicure 10 Cores Tons Nude","GABEAUTYCOSMETICOS","BEAUTY",{"v":45.96,"d":"R$ 45.96"},{"v":45.96,"d":"R$ 45.96"},"Beleza e Cuidado Pessoal","Manicure e Pedicure","3P"]
["Rezago","RO-0-002-004-00-00","SRMU42434","RZ-354321",1,"C",4398074,"Suplemento En Lata Moving Protein Booster Proteínas Sabor Morango E Acerola X 270ml De 6 Un","POMA PRODUTOS_NATURAIS","HEALTH",{"v":45.08,"d":"R$ 45.08"},{"v":45.08,"d":"R$ 45.08"},"Saúde","Suplementos Alimentares","3P"]
["Retiro","RO-0-002-005-00-00","VADD95076","RZ-576035",1,"U",4566386,"Proteína Em Pó Uêvolução Sabor Café Mocaccino 1kg Uêvo","ZAIONSTORE.BR","HEALTH",{"v":45.08,"d":"R$ 45.08"},{"$f":"K116*E116","v":{"v":45.08,"d":"R$ 45.08"}},"Saúde","Suplementos Alimentares","3P"]
["Rezago","RO-0-002-004-00-00","ESDZ73887","RZ-354321",1,"C",4398074,"Ração Whiskas Sachê Combo 6 Latas Gatos Patê Carne E Atum","UNIFULL_MULTIMERCADO","CPG",{"v":44.5,"d":"R$ 44.50"},{"v":44.5,"d":"R$ 44.50"},"Pet Shop","Gatos","3P"]
["Rezago","RO-0-002-003-00-00","VDZM06732","RZ-608681",5,"D",4593606,"Desengraxante Bike Concentrado Algoo 1l + Óleo Cera 200ml","ROUPASPARACICLISMO","SPORTS",{"v":44.14,"d":"R$ 44.14"},{"$f":"K118*E118","v":{"v":220.7,"d":"R$ 220.70"}},"Esportes e Fitness","Ciclismo","3P"]
["Rezago","RO-0-002-003-00-00","KLYA43898","RZ-608681",1,"U",4582776,"Petalas Boleira De Vidro Com Pé Mesa Posta Cafeteria Porta Doces Cor Transparente","RYGROUP","FURNISHING & HOUSEWARE",{"v":43.83,"d":"R$ 43.83"},{"v":43.83,"d":"R$ 43.83"},"Casa, Móveis e Decoração","Cozinha","3P"]
["Retiro","RO-0-002-010-00-00","SCJN41779","RZ-576007",53,"U",4566028,"Removedor De Luva De Rolamento De Esferas Triplo Interno","MR20250721081476","VEHICLE PARTS & ACCESSORIES",{"v":43.75,"d":"R$ 43.75"},{"v":2318.75,"d":"R$ 2,318.75"},"Acessórios para Veículos","Ferramentas para Veículos","3P"]
["Rezago","RO-0-002-004-00-00","AXYK94197","RZ-354321",10,"E",4398072,"Cola Adesivo Bad Pink - Baby Para Extensão De Cílios","JOAODABELEZA","BEAUTY",{"v":42.97,"d":"R$ 42.97"},{"v":429.7,"d":"R$ 429.70"},"Beleza e Cuidado Pessoal","Maquiagem","3P"]
["Retiro","RO-0-002-005-00-00","QMEA88486","RZ-576035",1,"F",4566386,"Creatina Monohidratada Pura 600g Dark Lab Unidade","DARKLAB","HEALTH",{"v":42.44,"d":"R$ 42.44"},{"$f":"K122*E122","v":{"v":42.44,"d":"R$ 42.44"}},"Saúde","Suplementos Alimentares","3P"]
["Retiro","RO-0-002-005-00-00","QMEA88486","RZ-576035",1,"U",4566386,"Creatina Monohidratada Pura 600g Dark Lab Unidade","DARKLAB","HEALTH",{"v":42.44,"d":"R$ 42.44"},{"v":42.44,"d":"R$ 42.44"},"Saúde","Suplementos Alimentares","3P"]
["Rezago","RO-0-002-003-00-00","GCTB62249","RZ-608681",1,"U",4583344,"Risque Vermelhos - Kit Com 10 Cores Esmaltes Hipoalergênicos Vermelho","RDMIX COMERCIAL","BEAUTY",{"v":41.56,"d":"R$ 41.56"},{"v":41.56,"d":"R$ 41.56"},"Beleza e Cuidado Pessoal","Manicure e Pedicure","3P"]
["Rezago","RO-0-002-003-00-00","PTOK00715","RZ-608681",1,"U",160967,"Luminária Pendente De Teto Kit 3 Luxo Cozinha Envio Rápido - Preto Com Cobre","LUMANIAGI","CONSTRUCTION & INDUSTRY",{"v":41.47,"d":"R$ 41.47"},{"v":41.47,"d":"R$ 41.47"},"Casa, Móveis e Decoração","Iluminação Residencial","3P"]
["Rezago","RO-0-002-003-00-00","GVKF57437","RZ-608681",2,"U",4583344,"Viva!verde Areia Higiênica Para Gatos - Grãos Finos - 4kg","RAÇÃOAGUABRANCA","CPG",{"v":40.75,"d":"R$ 40.75"},{"v":81.5,"d":"R$ 81.50"},"Pet Shop","Gatos","3P"]
["Rezago","RO-0-002-003-00-00","GVKF57437","RZ-608681",1,"F",160967,"Viva!verde Areia Higiênica Para Gatos - Grãos Finos - 4kg","RAÇÃOAGUABRANCA","CPG",{"v":40.75,"d":"R$ 40.75"},{"v":40.75,"d":"R$ 40.75"},"Pet Shop","Gatos","3P"]
["Rezago","RO-0-002-003-00-00","KLYA63630","RZ-608681",2,"U",4583344,"Emblema Letreiro Strada Cromado 2020 2021 2022 2023 Original - Cromado","BORA COMPRAR_","VEHICLE PARTS & ACCESSORIES",{"v":40.47,"d":"R$ 40.47"},{"v":80.94,"d":"R$ 80.94"},"Acessórios para Veículos","Peças de Carros e Caminhonetes","3P"]
["Rezago","RO-0-002-003-00-00","EWTJ63790","RZ-608681",1,"U",4583344,"Copo Caldereta Classic 300ml - Kit 12 Unidades Cor Transparente","MEU STOKE.COM","FURNISHING & HOUSEWARE",{"v":38.39,"d":"R$ 38.39"},{"v":38.39,"d":"R$ 38.39"},"Casa, Móveis e Decoração","Cozinha","3P"]
["Rezago","RO-0-002-004-00-00","MPQE44889","RZ-604069",1,"C",4567064,"Kit 3 Potes De Vidro Com Tampa E Colher De Bambu Cor Transparente","PEAGAUTENSILIOS","FURNISHING & HOUSEWARE",{"v":38.38,"d":"R$ 38.38"},{"v":38.38,"d":"R$ 38.38"},"Casa, Móveis e Decoração","Cozinha","3P"]
["Rezago","RO-0-002-003-00-00","GXGZ57557","RZ-608681",1,"U",4583344,"Ativador De Cor Pedras Granito Marmore Revitalizador Brilho","SHOPVESTBRASIL","CPG",{"v":38.05,"d":"R$ 38.05"},{"v":38.05,"d":"R$ 38.05"},"Casa, Móveis e Decoração","Cuidado da Casa e Lavanderia","3P"]
["Retiro","RO-0-002-010-00-00","VZNO07955","RZ-576007",1,"U",4566028,"Tinta Acrilica Anti Mofo Unilar 3,6l Escolha A Sua Cor !!","COQUEIROSMAGAZINE","CONSTRUCTION & INDUSTRY",{"v":38,"d":"R$ 38.00"},{"v":38,"d":"R$ 38.00"},"Arte, Papelaria e Armarinho","Materiais Escolares","3P"]
["Rezago","RO-0-002-004-00-00","GIOK18929","RZ-604069",4,"U",4574300,"Jarra 1,5l Frances Em Vidro Água Suco Bebidas","LOJAS-JP","FURNISHING & HOUSEWARE",{"v":37.74,"d":"R$ 37.74"},{"v":150.96,"d":"R$ 150.96"},"Casa, Móveis e Decoração","Cozinha","3P"]
["Rezago","RO-0-002-003-00-00","ZLXB48446","RZ-608681",1,"U",4593606,"Forth Adubo Fertilizante P/ Árvore Frutífera Npk Frutas 3kg","WORLDGARDEN","CONSTRUCTION & INDUSTRY",{"v":37.36,"d":"R$ 37.36"},{"v":37.36,"d":"R$ 37.36"},"Casa, Móveis e Decoração","Jardim e Ar Livre","3P"]
["Rezago","RO-0-002-003-00-00","TXMW36836","RZ-608681",1,"U",4593750,"Nutri Whey Protein Pouch Morango 900g Integralmédica","HARDEXTREME","HEALTH",{"v":36.65,"d":"R$ 36.65"},{"v":36.65,"d":"R$ 36.65"},"Saúde","Suplementos Alimentares","3P"]
["Rezago","RO-0-002-004-00-00","PZYA65688","RZ-354321",3,"C",4398594,"Garrafa Térmica Vacuum 12h Com Visor Digital E Cabo Madeira","SL20250219111413","SPORTS",{"v":36.5,"d":"R$ 36.50"},{"v":109.5,"d":"R$ 109.50"},"Esportes e Fitness","Camping, Caça e Pesca","3P"]
["Retiro","RO-0-002-005-00-00","XHKF59384","RZ-576035",1,"U",4566386,"Assento Sanitário Almofadado C/ Tampa De Vaso Universal","ECOMFORLIFE","CONSTRUCTION & INDUSTRY",{"v":36.45,"d":"R$ 36.45"},{"$f":"K137*E137","v":{"v":36.45,"d":"R$ 36.45"}},"Casa, Móveis e Decoração","Banheiros","3P"]
["Rezago","RO-0-002-003-00-00","BBIN55274","RZ-608681",3,"C",4583344,"Kit Chaves De Abrir Xbox Torx T6 T8 T10 + Removedor X-clamp","COLDI STORE","TECHNOLOGY",{"v":35.7,"d":"R$ 35.70"},{"v":107.1,"d":"R$ 107.10"},"Games","Acessórios para Consoles","3P"]
["Retiro","RO-0-002-010-00-00","TUPW75663","RZ-576007",9,"U",4566028,"Fetal Doppler Ultrassom Ouvir Batimentos Bebe + Gel + Brinde","ANDMAY","HEALTH",{"v":35.2,"d":"R$ 35.20"},{"v":316.8,"d":"R$ 316.80"},"Saúde","Equipamento Médico","3P"]
["Retiro","RO-0-002-010-00-00","TOVJ39493","RZ-576007",1,"U",4566028,"1 Espelho Hd Nuca Barbeiro Cabeleireiro Leve Profissional","DANIEL_BARBERSHOP","BEAUTY",{"v":34.85,"d":"R$ 34.85"},{"v":34.85,"d":"R$ 34.85"},"Beleza e Cuidado Pessoal","Artigos para Cabeleireiros","3P"]
["Rezago","RO-0-002-003-00-00","NAIA77738","RZ-608681",2,"U",4593606,"Tapete Higiênico Standard Profissional 50 Unidades - 1ª Linha (60x55)","EVOQUE_SHOP","CPG",{"v":34.83,"d":"R$ 34.83"},{"v":69.66,"d":"R$ 69.66"},"Pet Shop","Cães","3P"]
["Rezago","RO-0-002-003-00-00","LQJZ22071","RZ-608681",1,"U",4583344,"Mousse Criador De Cachos Widi Care Juba 200ml","SOFTMIX_","BEAUTY",{"v":34.79,"d":"R$ 34.79"},{"v":34.79,"d":"R$ 34.79"},"Beleza e Cuidado Pessoal","Cuidados com o Cabelo","3P"]
["Retiro","RO-0-002-010-00-00","NFEW94816","RZ-576007",1,"U",4566028,"Tryon 500ml Vonnix 3 Em 1 Restaurador Plásticos Internos Externos E Borrachas","GARAGE GP","VEHICLE PARTS & ACCESSORIES",{"v":33.54,"d":"R$ 33.54"},{"v":33.54,"d":"R$ 33.54"},"Acessórios para Veículos","Limpeza Automotiva","3P"]
["Rezago","RO-0-002-003-00-00","TANG53515","RZ-608681",1,"U",4583344,"Câmara De Ar Vulca Aro 17 Nxr Bros 125 150 Xtz Cb400 Xl 250","RTIANCOMERCIO","VEHICLE PARTS & ACCESSORIES",{"v":33.31,"d":"R$ 33.31"},{"v":33.31,"d":"R$ 33.31"},"Acessórios para Veículos","Pneus e Acessórios","3P"]
["Rezago","RO-0-002-003-00-00","RSKE84914","RZ-608681",2,"C",4583344,"Broca Escalonada Cone Shiitake 4 A 32mm Rapido Espiral Kit7","WW20241209220152","CONSTRUCTION & INDUSTRY",{"v":33.04,"d":"R$ 33.04"},{"v":66.08,"d":"R$ 66.08"},"Ferramentas","Acessórios para Ferramentas","3P"]
["Rezago","RO-0-002-003-00-00","SMNX91625","RZ-608681",1,"U",160967,"Nutri Whey Protein Pouch Baunilha 900g Integralmédica","HARDEXTREME","HEALTH",{"v":33.01,"d":"R$ 33.01"},{"v":33.01,"d":"R$ 33.01"},"Saúde","Suplementos Alimentares","3P"]
["Retiro","RO-0-002-010-00-00","ECKN59101","RZ-576007",1,"U",4566028,"Forma De Bolo Retangular 4 Kg N4  36 X 26 X 10  Alumínio","GT FORMAS","FURNISHING & HOUSEWARE",{"v":32.44,"d":"R$ 32.44"},{"v":32.44,"d":"R$ 32.44"},"Casa, Móveis e Decoração","Cozinha","3P"]
["Retiro","RO-0-002-010-00-00","ABBR86585","RZ-576007",1,"U",4566028,"Carbogel Fourlab Cx 10 Saches 35g Energy Gel Carboidrato Sabor Gel Fourlab Chocomenta","ARO21PECASACESSORIOS","HEALTH",{"v":32.24,"d":"R$ 32.24"},{"v":32.24,"d":"R$ 32.24"},"Esportes e Fitness","Suplementos e Shakers","3P"]
["Rezago","RO-0-002-004-00-00","CAPE15904","RZ-604069",11,"U",4567064,"Lenços Toalhas Descartáveis Premium De Algodão- 100 Unidades","UMI_BARBESHOP","BEAUTY",{"v":32.14,"d":"R$ 32.14"},{"v":353.54,"d":"R$ 353.54"},"Beleza e Cuidado Pessoal","Artigos para Cabeleireiros","3P"]
["Rezago","RO-0-002-003-00-00","HMPD04308","RZ-608681",1,"U",4583344,"Aditivo Para Radiador Linha Diesel Roxcar Kit 2 Galões Rosa-chiclete","CRC AUTOMOTIVO","VEHICLE PARTS & ACCESSORIES",{"v":31.52,"d":"R$ 31.52"},{"v":31.52,"d":"R$ 31.52"},"Acessórios para Veículos","Lubrificantes e Fluidos","3P"]
["Retiro","RO-0-002-010-00-00","TWUD49102","RZ-576007",1,"E",4566028,"Kit Shampoo +desembaraçador + Condicionador 2 Em 1","TERRAHQEBOOK","CPG",{"v":31.04,"d":"R$ 31.04"},{"v":31.04,"d":"R$ 31.04"},"Pet Shop","Cães","3P"]
["Rezago","RO-0-002-004-00-00","MISW52110","RZ-604069",1,"U",4567064,"Balde 15 Litros Hydrus Alças Anatomica Sanremo Transparente Cor Incolor","PANY COMERCIAL","CPG",{"v":30.01,"d":"R$ 30.01"},{"v":30.01,"d":"R$ 30.01"},"Casa, Móveis e Decoração","Cuidado da Casa e Lavanderia","3P"]
["Rezago","RO-0-002-003-00-00","ETKP35304","RZ-608681",11,"U",160967,"Produtos Diversos","PONTO TOPS","OTHERS",{"v":30,"d":"R$ 30.00"},{"v":330,"d":"R$ 330.00"},"Diversos","Outros","3P"]
["Rezago","RO-0-002-003-00-00","KTJP46677","RZ-608681",7,"U",4583344,"Produtos Diversos","SEMPRE-BELLA SHOP","OTHERS",{"v":30,"d":"R$ 30.00"},{"v":210,"d":"R$ 210.00"},"Diversos","Outros","3P"]
["Rezago","RO-0-002-003-00-00","NDZZ26798","RZ-608681",6,"U",160967,"Produtos Diversos","PONTO TOPS","OTHERS",{"v":30,"d":"R$ 30.00"},{"v":180,"d":"R$ 180.00"},"Diversos","Outros","3P"]
["Rezago","RO-0-002-003-00-00","ONME25907","RZ-608681",6,"U",160967,"Produtos Diversos","PONTO TOPS","OTHERS",{"v":30,"d":"R$ 30.00"},{"v":180,"d":"R$ 180.00"},"Diversos","Outros","3P"]
["Rezago","RO-0-002-003-00-00","YINF27412","RZ-608681",6,"U",160967,"Produtos Diversos","PONTO TOPS","OTHERS",{"v":30,"d":"R$ 30.00"},{"v":180,"d":"R$ 180.00"},"Diversos","Outros","3P"]
["Rezago","RO-0-002-003-00-00","ICYY46926","RZ-608681",5,"U",160967,"Produtos Diversos","PONTO TOPS","OTHERS",{"v":30,"d":"R$ 30.00"},{"v":150,"d":"R$ 150.00"},"Diversos","Outros","3P"]
["Rezago","RO-0-002-003-00-00","WDVC33574","RZ-608681",5,"U",160967,"Produtos Diversos","PONTO TOPS","OTHERS",{"v":30,"d":"R$ 30.00"},{"v":150,"d":"R$ 150.00"},"Diversos","Outros","3P"]
["Rezago","RO-0-002-003-00-00","ZVZQ29468","RZ-608681",5,"U",160967,"Produtos Diversos","PONTO TOPS","OTHERS",{"v":30,"d":"R$ 30.00"},{"v":150,"d":"R$ 150.00"},"Diversos","Outros","3P"]
["Rezago","RO-0-002-003-00-00","VEGG80051","RZ-608681",5,"U",4583344,"Produtos Diversos","HILB","OTHERS",{"v":30,"d":"R$ 30.00"},{"v":150,"d":"R$ 150.00"},"Diversos","Outros","3P"]
["Rezago","RO-0-002-003-00-00","CWIW42701","RZ-608681",4,"U",4582776,"Produtos Diversos","MISTERCHEV","OTHERS",{"v":30,"d":"R$ 30.00"},{"v":120,"d":"R$ 120.00"},"Diversos","Outros","3P"]
["Rezago","RO-0-002-003-00-00","XSRH27611","RZ-608681",4,"U",160967,"Produtos Diversos","PONTO TOPS","OTHERS",{"v":30,"d":"R$ 30.00"},{"v":120,"d":"R$ 120.00"},"Diversos","Outros","3P"]
["Rezago","RO-0-002-003-00-00","UXXT63788","RZ-608681",3,"U",4582776,"Produtos Diversos","STATONSTORE","OTHERS",{"v":30,"d":"R$ 30.00"},{"v":90,"d":"R$ 90.00"},"Diversos","Outros","3P"]
["Rezago","RO-0-002-003-00-00","FFUA52771","RZ-608681",3,"U",160967,"Produtos Diversos","CFM ECOMMERCE","OTHERS",{"v":30,"d":"R$ 30.00"},{"v":90,"d":"R$ 90.00"},"Diversos","Outros","3P"]
["Rezago","RO-0-002-003-00-00","YIQP22016","RZ-608681",3,"U",160967,"Produtos Diversos","SAMARIA DECORAÇÃO","OTHERS",{"v":30,"d":"R$ 30.00"},{"v":90,"d":"R$ 90.00"},"Diversos","Outros","3P"]
["Rezago","RO-0-002-003-00-00","PYQD54512","RZ-608681",3,"U",4582776,"Produtos Diversos","LL20240909084924","OTHERS",{"v":30,"d":"R$ 30.00"},{"v":90,"d":"R$ 90.00"},"Diversos","Outros","3P"]
["Rezago","RO-0-002-003-00-00","ZXOI55862","RZ-608681",2,"U",160967,"Produtos Diversos","SHOP1001UTILIDADES","OTHERS",{"v":30,"d":"R$ 30.00"},{"v":60,"d":"R$ 60.00"},"Diversos","Outros","3P"]
["Rezago","RO-0-002-003-00-00","SNOI17564","RZ-608681",2,"U",4583344,"Produtos Diversos","AALCPARTS","OTHERS",{"v":30,"d":"R$ 30.00"},{"v":60,"d":"R$ 60.00"},"Diversos","Outros","3P"]
["Rezago","RO-0-002-003-00-00","DPXT88026","RZ-608681",2,"U",160967,"Produtos Diversos","ECOMMERCEMARKET","OTHERS",{"v":30,"d":"R$ 30.00"},{"v":60,"d":"R$ 60.00"},"Diversos","Outros","3P"]
["Rezago","RO-0-002-003-00-00","YBLK00421","RZ-608681",2,"U",160967,"Produtos Diversos","CARLOSHENRIQUENATALNATAL","OTHERS",{"v":30,"d":"R$ 30.00"},{"v":60,"d":"R$ 60.00"},"Diversos","Outros","3P"]
["Rezago","RO-0-002-003-00-00","KHMN16622","RZ-608681",2,"U",160967,"Produtos Diversos","ANGEL UNIVERSE","OTHERS",{"v":30,"d":"R$ 30.00"},{"v":60,"d":"R$ 60.00"},"Diversos","Outros","3P"]
["Rezago","RO-0-002-003-00-00","EEJN72706","RZ-608681",2,"C",160967,"Produtos Diversos","MOFENEW","OTHERS",{"v":30,"d":"R$ 30.00"},{"v":60,"d":"R$ 60.00"},"Diversos","Outros","3P"]
["Rezago","RO-0-002-003-00-00","KLYA64488","RZ-608681",1,"U",4582776,"Produtos Diversos","EVJ_GIRO_MARCAS","OTHERS",{"v":30,"d":"R$ 30.00"},{"v":30,"d":"R$ 30.00"},"Diversos","Outros","3P"]
["Rezago","RO-0-002-003-00-00","HIKE28914","RZ-608681",1,"U",4583344,"Produtos Diversos","VESTEBRASIL","OTHERS",{"v":30,"d":"R$ 30.00"},{"v":30,"d":"R$ 30.00"},"Diversos","Outros","3P"]
["Rezago","RO-0-002-003-00-00","CGQR68073","RZ-608681",1,"U",4583344,"Produtos Diversos","ECCONOMIZE.MG","OTHERS",{"v":30,"d":"R$ 30.00"},{"v":30,"d":"R$ 30.00"},"Diversos","Outros","3P"]
["Rezago","RO-0-002-003-00-00","TXCY43642","RZ-608681",1,"U",4582776,"Produtos Diversos","INDTLINGERIE","OTHERS",{"v":30,"d":"R$ 30.00"},{"v":30,"d":"R$ 30.00"},"Diversos","Outros","3P"]
["Rezago","RO-0-002-003-00-00","USIV56533","RZ-608681",1,"U",160967,"Produtos Diversos","SHOP1001UTILIDADES","OTHERS",{"v":30,"d":"R$ 30.00"},{"v":30,"d":"R$ 30.00"},"Diversos","Outros","3P"]
["Rezago","RO-0-002-003-00-00","YJIH11275","RZ-608681",1,"U",160967,"Produtos Diversos","LTMJEANS","OTHERS",{"v":30,"d":"R$ 30.00"},{"v":30,"d":"R$ 30.00"},"Diversos","Outros","3P"]
["Rezago","RO-0-002-003-00-00","GAKN90854","RZ-608681",1,"U",160967,"Produtos Diversos","THE_BLACK_TOOLS","OTHERS",{"v":30,"d":"R$ 30.00"},{"v":30,"d":"R$ 30.00"},"Diversos","Outros","3P"]
["Rezago","RO-0-002-003-00-00","ECCR52433","RZ-608681",1,"U",4592974,"Produtos Diversos","TAMAROZZI EMBALAGENS","OTHERS",{"v":30,"d":"R$ 30.00"},{"v":30,"d":"R$ 30.00"},"Diversos","Outros","3P"]
["Rezago","RO-0-002-003-00-00","WIPD11309","RZ-608681",1,"U",160967,"Produtos Diversos","LTMJEANS","OTHERS",{"v":30,"d":"R$ 30.00"},{"v":30,"d":"R$ 30.00"},"Diversos","Outros","3P"]
["Rezago","RO-0-002-003-00-00","EQIA51876","RZ-608681",1,"U",4582776,"Produtos Diversos","TOQUE POP","OTHERS",{"v":30,"d":"R$ 30.00"},{"v":30,"d":"R$ 30.00"},"Diversos","Outros","3P"]
["Rezago","RO-0-002-003-00-00","BPUI44112","RZ-608681",1,"U",4582776,"Produtos Diversos","INDTLINGERIE","OTHERS",{"v":30,"d":"R$ 30.00"},{"v":30,"d":"R$ 30.00"},"Diversos","Outros","3P"]
["Rezago","RO-0-002-003-00-00","JHES11500","RZ-608681",1,"U",4583344,"Produtos Diversos","VESTEBRASIL","OTHERS",{"v":30,"d":"R$ 30.00"},{"v":30,"d":"R$ 30.00"},"Diversos","Outros","3P"]
["Rezago","RO-0-002-003-00-00","JYIO55787","RZ-608681",1,"U",4592974,"Produtos Diversos","TAMAROZZI EMBALAGENS","OTHERS",{"v":30,"d":"R$ 30.00"},{"v":30,"d":"R$ 30.00"},"Diversos","Outros","3P"]
["Rezago","RO-0-002-003-00-00","ZVZQ71328","RZ-608681",1,"U",160967,"Produtos Diversos","LOJA SIGH","OTHERS",{"v":30,"d":"R$ 30.00"},{"v":30,"d":"R$ 30.00"},"Diversos","Outros","3P"]
["Rezago","RO-0-002-003-00-00","HAUF54315","RZ-608681",1,"U",4592974,"Produtos Diversos","TAMAROZZI EMBALAGENS","OTHERS",{"v":30,"d":"R$ 30.00"},{"v":30,"d":"R$ 30.00"},"Diversos","Outros","3P"]
["Rezago","RO-0-002-003-00-00","NWVE46704","RZ-608681",1,"U",4583344,"Produtos Diversos","RENOVA FONE","OTHERS",{"v":30,"d":"R$ 30.00"},{"v":30,"d":"R$ 30.00"},"Diversos","Outros","3P"]
["Rezago","RO-0-002-003-00-00","CPDT56844","RZ-608681",1,"U",4583344,"Produtos Diversos","BICO_DECOR","OTHERS",{"v":30,"d":"R$ 30.00"},{"v":30,"d":"R$ 30.00"},"Diversos","Outros","3P"]
["Rezago","RO-0-002-003-00-00","XYUM62518","RZ-608681",1,"U",4582776,"Produtos Diversos","NEW_MODAS_","OTHERS",{"v":30,"d":"R$ 30.00"},{"v":30,"d":"R$ 30.00"},"Diversos","Outros","3P"]
["Rezago","RO-0-002-003-00-00","SNOI31834","RZ-608681",1,"U",4583344,"Produtos Diversos","VESTEBRASIL","OTHERS",{"v":30,"d":"R$ 30.00"},{"v":30,"d":"R$ 30.00"},"Diversos","Outros","3P"]
["Rezago","RO-0-002-003-00-00","JOZI66090","RZ-608681",1,"U",4593606,"Produtos Diversos","EHANDEL EKKAN","OTHERS",{"v":30,"d":"R$ 30.00"},{"v":30,"d":"R$ 30.00"},"Diversos","Outros","3P"]
["Rezago","RO-0-002-003-00-00","BTKE53308","RZ-608681",1,"U",4592974,"Produtos Diversos","TAMAROZZI EMBALAGENS","OTHERS",{"v":30,"d":"R$ 30.00"},{"v":30,"d":"R$ 30.00"},"Diversos","Outros","3P"]
["Rezago","RO-0-002-003-00-00","ONME63454","RZ-608681",1,"U",4583344,"Produtos Diversos","VESTEBRASIL","OTHERS",{"v":30,"d":"R$ 30.00"},{"v":30,"d":"R$ 30.00"},"Diversos","Outros","3P"]
["Rezago","RO-0-002-003-00-00","GNLP14791","RZ-608681",1,"U",160967,"Produtos Diversos","LTMJEANS","OTHERS",{"v":30,"d":"R$ 30.00"},{"v":30,"d":"R$ 30.00"},"Diversos","Outros","3P"]
["Rezago","RO-0-002-003-00-00","ZVZQ75637","RZ-608681",1,"U",160967,"Produtos Diversos","LOJA SIGH","OTHERS",{"v":30,"d":"R$ 30.00"},{"v":30,"d":"R$ 30.00"},"Diversos","Outros","3P"]
["Rezago","RO-0-002-003-00-00","VGLH85102","RZ-608681",1,"U",160967,"Produtos Diversos","LINE_MODAS_","OTHERS",{"v":30,"d":"R$ 30.00"},{"v":30,"d":"R$ 30.00"},"Diversos","Outros","3P"]
["Rezago","RO-0-002-004-00-00","NQBK66641","RZ-604069",20,"U",4567064,"Produtos Diversos","HUBSMARTHOME","OTHERS",{"v":30,"d":"R$ 30.00"},{"v":600,"d":"R$ 600.00"},"Diversos","Outros","3P"]
["Rezago","RO-0-002-004-00-00","GVWO56630","RZ-604069",10,"U",4567064,"Produtos Diversos","DROGARIA MODERNA","OTHERS",{"v":30,"d":"R$ 30.00"},{"v":300,"d":"R$ 300.00"},"Diversos","Outros","3P"]
["Rezago","RO-0-002-004-00-00","ZNKJ86439","RZ-604069",8,"U",4567064,"Produtos Diversos","MEME20240419231538","OTHERS",{"v":30,"d":"R$ 30.00"},{"v":240,"d":"R$ 240.00"},"Diversos","Outros","3P"]
["Rezago","RO-0-002-004-00-00","PBJU23316","RZ-604069",7,"U",4567064,"Produtos Diversos","COMBAT.STORE","OTHERS",{"v":30,"d":"R$ 30.00"},{"v":210,"d":"R$ 210.00"},"Diversos","Outros","3P"]
["Rezago","RO-0-002-004-00-00","TQWD39687","RZ-604069",6,"U",4574300,"Produtos Diversos","DGCOMERCIAL ECOMLTDA.","OTHERS",{"v":30,"d":"R$ 30.00"},{"v":180,"d":"R$ 180.00"},"Diversos","Outros","3P"]
["Rezago","RO-0-002-004-00-00","OUHU40334","RZ-604069",6,"U",4574300,"Produtos Diversos","DGCOMERCIAL ECOMLTDA.","OTHERS",{"v":30,"d":"R$ 30.00"},{"v":180,"d":"R$ 180.00"},"Diversos","Outros","3P"]
["Rezago","RO-0-002-004-00-00","HOEK34785","RZ-604069",4,"U",4567064,"Produtos Diversos","NOVAMACKEMBALAGENS","OTHERS",{"v":30,"d":"R$ 30.00"},{"v":120,"d":"R$ 120.00"},"Diversos","Outros","3P"]
["Rezago","RO-0-002-004-00-00","HOEK09134","RZ-604069",4,"U",4574300,"Produtos Diversos","UTILSJCAMPOS","OTHERS",{"v":30,"d":"R$ 30.00"},{"v":120,"d":"R$ 120.00"},"Diversos","Outros","3P"]
["Rezago","RO-0-002-004-00-00","YDAV90324","RZ-604069",4,"U",4567064,"Produtos Diversos","NOVAMACKEMBALAGENS","OTHERS",{"v":30,"d":"R$ 30.00"},{"v":120,"d":"R$ 120.00"},"Diversos","Outros","3P"]
["Rezago","RO-0-002-004-00-00","SHHF36005","RZ-604069",4,"U",4567064,"Produtos Diversos","NOVAMACKEMBALAGENS","OTHERS",{"v":30,"d":"R$ 30.00"},{"v":120,"d":"R$ 120.00"},"Diversos","Outros","3P"]
["Rezago","RO-0-002-004-00-00","DDKG76295","RZ-604069",3,"U",4567064,"Produtos Diversos","PAPALÉGUAS ETIQUETAS","OTHERS",{"v":30,"d":"R$ 30.00"},{"v":90,"d":"R$ 90.00"},"Diversos","Outros","3P"]
["Rezago","RO-0-002-004-00-00","GVWO01505","RZ-604069",3,"U",4574300,"Produtos Diversos","FN VENDAS","OTHERS",{"v":30,"d":"R$ 30.00"},{"v":90,"d":"R$ 90.00"},"Diversos","Outros","3P"]
["Rezago","RO-0-002-004-00-00","XTCB39543","RZ-604069",2,"U",4574300,"Produtos Diversos","INFINITYLASER_","OTHERS",{"v":30,"d":"R$ 30.00"},{"v":60,"d":"R$ 60.00"},"Diversos","Outros","3P"]
["Rezago","RO-0-002-004-00-00","GNLP35468","RZ-604069",2,"U",4567064,"Produtos Diversos","NOVAMACKEMBALAGENS","OTHERS",{"v":30,"d":"R$ 30.00"},{"v":60,"d":"R$ 60.00"},"Diversos","Outros","3P"]
["Rezago","RO-0-002-004-00-00","SWBA69430","RZ-604069",1,"U",4574300,"Produtos Diversos","AGROTAMA1","OTHERS",{"v":30,"d":"R$ 30.00"},{"v":30,"d":"R$ 30.00"},"Diversos","Outros","3P"]
["Rezago","RO-0-002-004-00-00","AYVA57191","RZ-604069",1,"U",4574300,"Produtos Diversos","SHOPP-AUQMIA","OTHERS",{"v":30,"d":"R$ 30.00"},{"v":30,"d":"R$ 30.00"},"Diversos","Outros","3P"]
["Rezago","RO-0-002-004-00-00","YBHQ54971","RZ-604069",1,"U",4567064,"Produtos Diversos","DUXNUTRITIONLAB","OTHERS",{"v":30,"d":"R$ 30.00"},{"v":30,"d":"R$ 30.00"},"Diversos","Outros","3P"]
["Rezago","RO-0-002-004-00-00","QDBW71476","RZ-604069",1,"U",4574300,"Produtos Diversos","CASA_E_HOBBY","OTHERS",{"v":30,"d":"R$ 30.00"},{"v":30,"d":"R$ 30.00"},"Diversos","Outros","3P"]
["Rezago","RO-0-002-004-00-00","YOXK31426","RZ-604069",1,"U",4574300,"Produtos Diversos","CLIC STORE","OTHERS",{"v":30,"d":"R$ 30.00"},{"v":30,"d":"R$ 30.00"},"Diversos","Outros","3P"]
["Rezago","RO-0-002-004-00-00","RWDD35531","RZ-604069",1,"U",4567064,"Produtos Diversos","NOVAMACKEMBALAGENS","OTHERS",{"v":30,"d":"R$ 30.00"},{"v":30,"d":"R$ 30.00"},"Diversos","Outros","3P"]
["Rezago","RO-0-002-004-00-00","TVKG19324","RZ-604069",1,"U",4574300,"Produtos Diversos","PLUSDRAPA20220716112428","OTHERS",{"v":30,"d":"R$ 30.00"},{"v":30,"d":"R$ 30.00"},"Diversos","Outros","3P"]
["Rezago","RO-0-002-004-00-00","MTVV78117","RZ-604069",1,"U",4574300,"Produtos Diversos","TICS UTILIDADES","OTHERS",{"v":30,"d":"R$ 30.00"},{"v":30,"d":"R$ 30.00"},"Diversos","Outros","3P"]
["Rezago","RO-0-002-004-00-00","NZTU09839","RZ-604069",1,"U",4567064,"Produtos Diversos","PERLIDESIGNER","OTHERS",{"v":30,"d":"R$ 30.00"},{"v":30,"d":"R$ 30.00"},"Diversos","Outros","3P"]
["Rezago","RO-0-002-004-00-00","PBJU37093","RZ-604069",1,"U",4567064,"Produtos Diversos","MFL ACESSORIOS","OTHERS",{"v":30,"d":"R$ 30.00"},{"v":30,"d":"R$ 30.00"},"Diversos","Outros","3P"]
["Rezago","RO-0-002-004-00-00","HELU16148","RZ-604069",1,"U",4574300,"Produtos Diversos","WGR BOOTS","OTHERS",{"v":30,"d":"R$ 30.00"},{"v":30,"d":"R$ 30.00"},"Diversos","Outros","3P"]
["Rezago","RO-0-002-004-00-00","OPGH77772","RZ-604069",1,"U",4574300,"Produtos Diversos","TICS UTILIDADES","OTHERS",{"v":30,"d":"R$ 30.00"},{"v":30,"d":"R$ 30.00"},"Diversos","Outros","3P"]
["Retiro","RO-0-002-010-00-00","NLZC54764","RZ-576007",132,"U",4566028,"Produtos Diversos","FORTALEZA_MATERIAIS_CONSTRUCAO","OTHERS",{"v":30,"d":"R$ 30.00"},{"v":3960,"d":"R$ 3,960.00"},"Diversos","Outros","3P"]
["Retiro","RO-0-002-010-00-00","ABPC42009","RZ-576007",20,"U",4566028,"Produtos Diversos","CASAPANTA","OTHERS",{"v":30,"d":"R$ 30.00"},{"v":600,"d":"R$ 600.00"},"Diversos","Outros","3P"]
["Retiro","RO-0-002-010-00-00","BXBT12340","RZ-576007",10,"U",4566028,"Produtos Diversos","SPMEGA","OTHERS",{"v":30,"d":"R$ 30.00"},{"v":300,"d":"R$ 300.00"},"Diversos","Outros","3P"]
["Retiro","RO-0-002-010-00-00","XREQ57588","RZ-576007",6,"U",4566028,"Produtos Diversos","STOREE JV","OTHERS",{"v":30,"d":"R$ 30.00"},{"v":180,"d":"R$ 180.00"},"Diversos","Outros","3P"]
["Retiro","RO-0-002-010-00-00","FTTC25930","RZ-576007",4,"U",4566028,"Produtos Diversos","INDUSTRIA_FENIX","OTHERS",{"v":30,"d":"R$ 30.00"},{"v":120,"d":"R$ 120.00"},"Diversos","Outros","3P"]
["Retiro","RO-0-002-010-00-00","UVEZ55495","RZ-576007",2,"U",4566028,"Produtos Diversos","TR PAISAGISMO","OTHERS",{"v":30,"d":"R$ 30.00"},{"v":60,"d":"R$ 60.00"},"Diversos","Outros","3P"]
["Retiro","RO-0-002-010-00-00","WXAY10752","RZ-576007",2,"U",4566028,"Produtos Diversos","GIM CONCEPT","OTHERS",{"v":30,"d":"R$ 30.00"},{"v":60,"d":"R$ 60.00"},"Diversos","Outros","3P"]
["Retiro","RO-0-002-010-00-00","ECCR11138","RZ-576007",2,"U",4566028,"Produtos Diversos","GIM CONCEPT","OTHERS",{"v":30,"d":"R$ 30.00"},{"v":60,"d":"R$ 60.00"},"Diversos","Outros","3P"]
["Retiro","RO-0-002-010-00-00","PBJU53100","RZ-576007",1,"U",4566028,"Produtos Diversos","AISIN_AUTO_PARTS","OTHERS",{"v":30,"d":"R$ 30.00"},{"v":30,"d":"R$ 30.00"},"Diversos","Outros","3P"]
["Retiro","RO-0-002-010-00-00","QCII36606","RZ-576007",1,"U",4566028,"Produtos Diversos","JEFFECOMERCE","OTHERS",{"v":30,"d":"R$ 30.00"},{"v":30,"d":"R$ 30.00"},"Diversos","Outros","3P"]
["Retiro","RO-0-002-010-00-00","NIQW79302","RZ-576007",1,"U",4566028,"Produtos Diversos","INDUSTRIA_FENIX","OTHERS",{"v":30,"d":"R$ 30.00"},{"v":30,"d":"R$ 30.00"},"Diversos","Outros","3P"]
["Retiro","RO-0-002-010-00-00","CAPE50403","RZ-576007",1,"U",4566028,"Produtos Diversos","HONGX","OTHERS",{"v":30,"d":"R$ 30.00"},{"v":30,"d":"R$ 30.00"},"Diversos","Outros","3P"]
["Retiro","RO-0-002-010-00-00","QVVJ90590","RZ-576007",1,"U",4566028,"Produtos Diversos","JEFFECOMERCE","OTHERS",{"v":30,"d":"R$ 30.00"},{"v":30,"d":"R$ 30.00"},"Diversos","Outros","3P"]
["Retiro","RO-0-002-010-00-00","RBAT58957","RZ-576007",1,"U",4566028,"Produtos Diversos","JAGADIS PACHE","OTHERS",{"v":30,"d":"R$ 30.00"},{"v":30,"d":"R$ 30.00"},"Diversos","Outros","3P"]
["Retiro","RO-0-002-010-00-00","CBUB21665","RZ-576007",1,"U",4566028,"Produtos Diversos","ARMAZEM LESTECOMERCIALFERRAGEN","OTHERS",{"v":30,"d":"R$ 30.00"},{"v":30,"d":"R$ 30.00"},"Diversos","Outros","3P"]
["Retiro","RO-0-002-010-00-00","LLVI77874","RZ-576007",1,"U",4566028,"Produtos Diversos","GRUPO JN","OTHERS",{"v":30,"d":"R$ 30.00"},{"v":30,"d":"R$ 30.00"},"Diversos","Outros","3P"]
["Retiro","RO-0-002-010-00-00","KTJP73989","RZ-576007",1,"U",4566028,"Produtos Diversos","BACON-BORN SHOP","OTHERS",{"v":30,"d":"R$ 30.00"},{"v":30,"d":"R$ 30.00"},"Diversos","Outros","3P"]
["Rezago","RO-0-002-003-00-00","NUSK00198","RZ-608681",1,"U",4593606,"Limpa Corrente Foxy Removedor Óleo Graxa Piche Razux 240ml","GRUPOFLASHPRODUTOS","SPORTS",{"v":29.55,"d":"R$ 29.55"},{"v":29.55,"d":"R$ 29.55"},"Esportes e Fitness","Ciclismo","3P"]
["Rezago","RO-0-002-004-00-00","ENKI97129","RZ-604069",1,"U",4574300,"Jogo De Copos De Vidro Água Drink Cristal 490ml 6 Peças Cor Transparente","WMSECOMM","FURNISHING & HOUSEWARE",{"v":28.94,"d":"R$ 28.94"},{"v":28.94,"d":"R$ 28.94"},"Casa, Móveis e Decoração","Cozinha","3P"]
["Rezago","RO-0-002-003-00-00","DJMW59091","RZ-608681",29,"U",4593606,"100 Folhas Adesivas A4 Mercado Envios Correios Branco","LITTLE CASTLE","CONSTRUCTION & INDUSTRY",{"v":28.86,"d":"R$ 28.86"},{"v":836.94,"d":"R$ 836.94"},"Informática","Impressão","3P"]
["Retiro","RO-0-002-010-00-00","SVSA36870","RZ-576007",1,"U",4566028,"Jogo De 6 Copos Altos De Vidro 250ml Quadrado Envio Rápido","CLIQ ON","FURNISHING & HOUSEWARE",{"v":28.78,"d":"R$ 28.78"},{"v":28.78,"d":"R$ 28.78"},"Casa, Móveis e Decoração","Cozinha","3P"]
["Retiro","RO-0-002-010-00-00","UCPQ50092","RZ-576007",10,"U",4566028,"Kit 100 Un Balão Metalizado Bexiga No10 Festa Aniversário","BABALA","T & B",{"v":28.7,"d":"R$ 28.70"},{"v":287,"d":"R$ 287.00"},"Festas e Lembrancinhas","Decoração de Festa","3P"]
["Rezago","RO-0-002-004-00-00","ILRC41094","RZ-354321",2,"E",4396490,"Slime Massinha Puxapuxa Caixa 12 Un. Revenda Atacado Festa","CALISHOP","T & B",{"v":28.67,"d":"R$ 28.67"},{"v":57.34,"d":"R$ 57.34"},"Brinquedos e Hobbies","Artes e Atividades","3P"]
["Rezago","RO-0-002-004-00-00","FXWQ44756","RZ-604069",1,"U",4574300,"Creatina Monohidratada 500g Soldiers Nutrition 100% Pura Importada Alta Performance Músculo Treino","SOLDIERS NUTRITION","HEALTH",{"v":28.61,"d":"R$ 28.61"},{"$f":"K248*E248","v":{"v":28.61,"d":"R$ 28.61"}},"Esportes e Fitness","Suplementos e Shakers","3P"]
["Rezago","RO-0-002-003-00-00","FHUP79216","RZ-608681",1,"U",160967,"Desengraxante H-7 - 1 Litros - Limpeza Pesada - H7","LEONE EQUIPAMENTOS","VEHICLE PARTS & ACCESSORIES",{"v":28.51,"d":"R$ 28.51"},{"v":28.51,"d":"R$ 28.51"},"Acessórios para Veículos","Limpeza Automotiva","3P"]
["Rezago","RO-0-002-003-00-00","ZWUO11252","RZ-608681",1,"U",160967,"Garrafão Térmico Mantém Gelado Quente Cinza Plus 5l Termolar","ELETRICARIO_LOJA_OFICIAL","SPORTS",{"v":28.49,"d":"R$ 28.49"},{"v":28.49,"d":"R$ 28.49"},"Esportes e Fitness","Camping, Caça e Pesca","3P"]
["Rezago","RO-0-002-003-00-00","SEUT56742","RZ-608681",1,"E",4582776,"Pedra Hume Gel - Gel Hemostático Com Melaleuca E Hamamelis  Prime Sense - 10g","BRASCARE COSMÉTICOS","BEAUTY",{"v":27.68,"d":"R$ 27.68"},{"v":27.68,"d":"R$ 27.68"},"Beleza e Cuidado Pessoal","Outros","3P"]
["Retiro","RO-0-002-010-00-00","GBBH61744","RZ-576007",1,"U",4566028,"Copo De Dose Shot Vodka Cachaça Tequila Jogo Kit 12 Un 50ml Cor Transparente","WLT STORE","FURNISHING & HOUSEWARE",{"v":27.65,"d":"R$ 27.65"},{"v":27.65,"d":"R$ 27.65"},"Casa, Móveis e Decoração","Cozinha","3P"]
["Retiro","RO-0-002-010-00-00","QCII35202","RZ-576007",1,"C",4566028,"Cueca Boxer Lupo Original Plus Size Box Extra Grande Algodão","OSURE OFICIAL","FASHION",{"v":27.62,"d":"R$ 27.62"},{"v":27.62,"d":"R$ 27.62"},"Calçados, Roupas e Bolsas","Moda Íntima e Lingerie","3P"]
["Rezago","RO-0-002-003-00-00","XSCL34303","RZ-608681",1,"U",4582776,"Glazy 500ml Limpa Vidros 4 Em 1 Reduz Atrito Pano Aplicador","BUBBLE IMPORTS","VEHICLE PARTS & ACCESSORIES",{"v":27.61,"d":"R$ 27.61"},{"v":27.61,"d":"R$ 27.61"},"Acessórios para Veículos","Limpeza Automotiva","3P"]
["Rezago","RO-0-002-004-00-00","GFQI66504","RZ-354321",2,"C",4398074,"Carb Up Gel Super Fórmula 10 Saches De 30g Cada - Probiótica Sabor:morango Silvestre","TOP SUPLEMENTOSVITAMINAS","HEALTH",{"v":27.56,"d":"R$ 27.56"},{"v":55.12,"d":"R$ 55.12"},"Esportes e Fitness","Suplementos e Shakers","3P"]
["Rezago","RO-0-002-003-00-00","QWVH05831","RZ-608681",1,"U",4582776,"Espumante Brasileiro Branco Brut Garibaldi Prosecco Serra Gaúcha Garrafa 750ml","RZ COMERCIO","CPG",{"v":27.49,"d":"R$ 27.49"},{"$f":"K256*E256","v":{"v":27.49,"d":"R$ 27.49"}},"Alimentos e Bebidas","Bebidas","3P"]
["Rezago","RO-0-002-004-00-00","YYGD81045","RZ-604069",2,"U",4567064,"Adoçante Culinária Com Stevia Lowçucar - 1kg","IDEAL_NOBRE","CPG",{"v":26.88,"d":"R$ 26.88"},{"v":53.76,"d":"R$ 53.76"},"Alimentos e Bebidas","Mercearia","3P"]
["Rezago","RO-0-002-003-00-00","VFAL36112","RZ-608681",1,"U",4583344,"Limpa Pedra Concentrado 5 Litros Para Encardido Pedras Piso","LKCLEAN","CPG",{"v":26.79,"d":"R$ 26.79"},{"v":26.79,"d":"R$ 26.79"},"Casa, Móveis e Decoração","Cuidado da Casa e Lavanderia","3P"]
["Retiro","RO-0-002-010-00-00","VFAL36112","RZ-576007",4,"U",4566028,"Limpa Pedra Concentrado 5 Litros Para Encardido Pedras Piso","LKCLEAN","CPG",{"v":26.79,"d":"R$ 26.79"},{"v":107.16,"d":"R$ 107.16"},"Casa, Móveis e Decoração","Cuidado da Casa e Lavanderia","3P"]
["Retiro","RO-0-002-005-00-00","WENH20728","RZ-576035",1,"U",4566386,"Batida De Pedra Branco 900ml Tinta Emborrachamen Maxi Rubber","TM INFINITY","CPG",{"v":26.29,"d":"R$ 26.29"},{"v":26.29,"d":"R$ 26.29"},"Acessórios para Veículos","Limpeza Automotiva","3P"]
["Retiro","RO-0-002-010-00-00","VENR16614","RZ-576007",15,"U",4566028,"Par Esquadro 26 Cm Sem Chanfro Desenho Técnico  Engenharia Transparente","INDUSTRIA_FENIX","CONSTRUCTION & INDUSTRY",{"v":26.21,"d":"R$ 26.21"},{"v":393.15,"d":"R$ 393.15"},"Ferramentas","Medições e Instrumentação","3P"]
["Rezago","RO-0-002-003-00-00","ANSX74018","RZ-608681",1,"U",4583344,"Lâmpada Para Geladeira Fogão Incandescente 40w 127v - 5 Un","DAMISEGEPI","CONSTRUCTION & INDUSTRY",{"v":26.15,"d":"R$ 26.15"},{"v":26.15,"d":"R$ 26.15"},"Casa, Móveis e Decoração","Iluminação Residencial","3P"]
["Rezago","RO-0-002-003-00-00","CTFU38624","RZ-608681",2,"U",4582776,"Suvinil Massa Corrida 5,7 Kg","TINTALEX","CONSTRUCTION & INDUSTRY",{"v":25.94,"d":"R$ 25.94"},{"v":51.88,"d":"R$ 51.88"},"Construção","Loja das Tintas","3P"]
["Rezago","RO-0-002-003-00-00","IDZE02908","RZ-608681",2,"U",160967,"Azul Metileno P.a. 5% 35ml Pronta Entrega","ONEPAPA2025","HEALTH",{"v":25.81,"d":"R$ 25.81"},{"v":51.62,"d":"R$ 51.62"},"Saúde","Suplementos Alimentares","3P"]
["Rezago","RO-0-002-004-00-00","CELH96650","RZ-354321",4,"D",4398596,"Kit Caipirinha Tramontina Tábua + Socador Amassador Presente","TUDOBARATO BRASIL","FURNISHING & HOUSEWARE",{"v":25.71,"d":"R$ 25.71"},{"v":102.84,"d":"R$ 102.84"},"Casa, Móveis e Decoração","Cozinha","3P"]
["Retiro","RO-0-002-010-00-00","RIDI78748","RZ-576007",4,"U",4566028,"Spell 2.0 Selante Sem Toque Coating Brilho E Proteção Vonixx","GARAGE GP","CPG",{"v":25.6,"d":"R$ 25.60"},{"$f":"K266*E266","v":{"v":102.4,"d":"R$ 102.40"}},"Acessórios para Veículos","Limpeza Automotiva","3P"]
["Rezago","RO-0-002-003-00-00","LXMC17689","RZ-608681",10,"D",4593606,"Lubrificante Bike Algoo Lube Óleo Cera Corrente 200ml 2 Unid","ROUPASPARACICLISMO","SPORTS",{"v":25.36,"d":"R$ 25.36"},{"v":253.6,"d":"R$ 253.60"},"Esportes e Fitness","Ciclismo","3P"]
["Rezago","RO-0-002-003-00-00","OEIW76224","RZ-608681",1,"U",160967,"Pilha Alcalina Aaa Philips Bateria 3a Palito 16 Unidades","LOJA STILLI","CPG",{"v":25.29,"d":"R$ 25.29"},{"v":25.29,"d":"R$ 25.29"},"Eletrônicos, Áudio e Vídeo","Pilhas e Carregadores","3P"]
["Retiro","RO-0-002-010-00-00","YQVJ64670","RZ-576007",1,"U",4566028,"Creme Para Pentear Definição Natural Salon Line Cachos 1kg","SALON LINE","BEAUTY",{"v":25.12,"d":"R$ 25.12"},{"v":25.12,"d":"R$ 25.12"},"Beleza e Cuidado Pessoal","Cuidados com o Cabelo","3P"]
["Rezago","RO-0-002-003-00-00","CMYR58665","RZ-608681",12,"U",4583344,"Mamadeira First Moments Clássica Com Bico Em Silicone 2m+ Fisher Price","TIBUM TOYS","T & B",{"v":25.03,"d":"R$ 25.03"},{"v":300.36,"d":"R$ 300.36"},"Bebês","Alimentação e Amamentação","3P"]
["Retiro","RO-0-002-005-00-00","ZAIE65117","RZ-576035",1,"U",4566386,"Copo Liquidificador Mondial Line/ Power2 /power550w/ Power2i","LIDACHIN","HOME ELECTRONICS",{"v":24.91,"d":"R$ 24.91"},{"v":24.91,"d":"R$ 24.91"},"Eletrodomésticos","Pequenos Eletrodomésticos","3P"]
["Rezago","RO-0-002-003-00-00","PZYA12630","RZ-608681",1,"U",4583344,"Lubrificante Íntimo Beijável Fácil Lub 500g Sabor Chiclete","SHOPPINGDOPRAZER","HEALTH",{"v":24.9,"d":"R$ 24.90"},{"v":24.9,"d":"R$ 24.90"},"Saúde","Cuidado da Saúde","3P"]
["Rezago","RO-0-002-004-00-00","EVJL29842","RZ-354321",1,"C",4398074,"Caneleira De Peso 4kg Preto Par Tornozeleira Peso Academia","FLEX_MOUVE PREMIUM","SPORTS",{"v":24.83,"d":"R$ 24.83"},{"v":24.83,"d":"R$ 24.83"},"Esportes e Fitness","Fitness e Musculação","3P"]
["Retiro","RO-0-002-010-00-00","YBHQ49282","RZ-576007",1,"U",4566028,"Limpa Laminado Vinílico Taco 2l Remove A Sujidade Perfuma","SHOP1001UTILIDADES","CPG",{"v":24.72,"d":"R$ 24.72"},{"$f":"K274*E274","v":{"v":24.72,"d":"R$ 24.72"}},"Casa, Móveis e Decoração","Cuidado da Casa e Lavanderia","3P"]
["Rezago","RO-0-002-003-00-00","EVGP85461","RZ-608681",1,"C",4593606,"Kit 2 Desempenadeira 1 Corrugada 1 Lisa Azul 18x30","AURORAGROUP","CONSTRUCTION & INDUSTRY",{"v":24.71,"d":"R$ 24.71"},{"v":24.71,"d":"R$ 24.71"},"Ferramentas","Ferramentas Manuais","3P"]
["Retiro","RO-0-002-010-00-00","IECZ69328","RZ-576007",25,"U",4566028,"Par De Esquadros Desenho Técnico 26 Cm Sem Graduação Acrílic","INDUSTRIA_FENIX","CONSTRUCTION & INDUSTRY",{"v":24.36,"d":"R$ 24.36"},{"v":609,"d":"R$ 609.00"},"Arte, Papelaria e Armarinho","Outros","3P"]
["Retiro","RO-0-002-010-00-00","NWLR00547","RZ-576007",1,"U",4566028,"Aditivo De Radiador Rosa T5 Radnaq 5 Litros Concentrado Galão T-5 Fluido Para Arrefecimento","KAUTO","VEHICLE PARTS & ACCESSORIES",{"v":24.3,"d":"R$ 24.30"},{"v":24.3,"d":"R$ 24.30"},"Acessórios para Veículos","Lubrificantes e Fluidos","3P"]
["Retiro","RO-0-002-010-00-00","MXJU09936","RZ-576007",11,"C",4566028,"Saco Plástico Transparente Pp 1kg - Diversos Tamanhos","VESCO LIMPEZA","CONSTRUCTION & INDUSTRY",{"v":23.54,"d":"R$ 23.54"},{"v":258.94,"d":"R$ 258.94"},"Arte, Papelaria e Armarinho","Materiais Escolares","3P"]
["Retiro","RO-0-002-010-00-00","APIJ09326","RZ-576007",1,"C",4566028,"Saco Plástico Transparente Pp 1kg - Diversos Tamanhos","VESCO LIMPEZA","CONSTRUCTION & INDUSTRY",{"v":23.54,"d":"R$ 23.54"},{"v":23.54,"d":"R$ 23.54"},"Arte, Papelaria e Armarinho","Materiais Escolares","3P"]
["Rezago","RO-0-002-003-00-00","AUOY44787","RZ-608681",1,"U",4582776,"Creme Para Pentear Salon Line Gel Creme Sos Cachos Super Óleos 1kg","SALON LINE","BEAUTY",{"v":23.29,"d":"R$ 23.29"},{"v":23.29,"d":"R$ 23.29"},"Beleza e Cuidado Pessoal","Cuidados com o Cabelo","3P"]
["Rezago","RO-0-002-004-00-00","UZSQ35583","RZ-354321",1,"E",4398072,"Graxa Azul Para Rolamentos E Mancais 1kg Wnvio 24h","CHLUBRIFICANTES","SPORTS",{"v":23.26,"d":"R$ 23.26"},{"v":23.26,"d":"R$ 23.26"},"Esportes e Fitness","Ciclismo","3P"]
["Retiro","RO-0-002-010-00-00","WIPD13323","RZ-576007",1,"U",4566028,"Primer Acqua Manta 3,6l Liquida Asfáltica Telhado World","MEGAFORTE","CONSTRUCTION & INDUSTRY",{"v":23.06,"d":"R$ 23.06"},{"$f":"K282*E282","v":{"v":23.06,"d":"R$ 23.06"}},"Construção","Loja das Tintas","3P"]
["Retiro","RO-0-002-010-00-00","ERHG86674","RZ-576007",1,"C",4566028,"Kit 10 Bisnaga Ketchup Mostarda Molhos Grande 400ml Plasvale Cor Branco","UTILLAR MAGAZINE","FURNISHING & HOUSEWARE",{"v":23.02,"d":"R$ 23.02"},{"v":23.02,"d":"R$ 23.02"},"Casa, Móveis e Decoração","Cozinha","3P"]
["Retiro","RO-0-002-010-00-00","RUQL09054","RZ-576007",2,"U",4566028,"Cola P/ Rodapé E Molduras Mdf, Eps, Poliestireno 1kg Hdflex","LM.STORE ME","CONSTRUCTION & INDUSTRY",{"v":23.01,"d":"R$ 23.01"},{"v":46.02,"d":"R$ 46.02"},"Construção","Pisos e Rejuntes","3P"]
["Rezago","RO-0-002-003-00-00","QJHI24559","RZ-608681",1,"U",4582776,"Kit 8 Carrinhos Fricção Filme Carros 3 Relâmpago Mcqueen Cor Colorido","MVIMPORTADOSLTDA","T & B",{"v":22.95,"d":"R$ 22.95"},{"v":22.95,"d":"R$ 22.95"},"Brinquedos e Hobbies","Veículos de Brinquedo","3P"]
["Retiro","RO-0-002-005-00-00","QJHI24559","RZ-576035",4,"U",4566386,"Kit 8 Carrinhos Fricção Filme Carros 3 Relâmpago Mcqueen Cor Colorido","MVIMPORTADOSLTDA","T & B",{"v":22.95,"d":"R$ 22.95"},{"v":91.8,"d":"R$ 91.80"},"Brinquedos e Hobbies","Veículos de Brinquedo","3P"]
["Rezago","RO-0-002-004-00-00","VGLH23610","RZ-604069",1,"U",4574300,"Limpa Revitaliza Bau Concentrado Clareador Rende Muito 5 Lt","LKCLEAN","VEHICLE PARTS & ACCESSORIES",{"v":22.92,"d":"R$ 22.92"},{"v":22.92,"d":"R$ 22.92"},"Acessórios para Veículos","Limpeza Automotiva","3P"]
["Rezago","RO-0-002-004-00-00","VGLH23610","RZ-604069",1,"U",4567064,"Limpa Revitaliza Bau Concentrado Clareador Rende Muito 5 Lt","LKCLEAN","VEHICLE PARTS & ACCESSORIES",{"v":22.92,"d":"R$ 22.92"},{"v":22.92,"d":"R$ 22.92"},"Acessórios para Veículos","Limpeza Automotiva","3P"]
["Rezago","RO-0-002-004-00-00","SGRH27682","RZ-604069",1,"U",4567064,"Kit 3x1l Sulfato Alumínio Tratamento E Decantação Piscina","MACAM_3","CONSTRUCTION & INDUSTRY",{"v":22.61,"d":"R$ 22.61"},{"v":22.61,"d":"R$ 22.61"},"Casa, Móveis e Decoração","Jardim e Ar Livre","3P"]
["Retiro","RO-0-002-005-00-00","GOYN84055","RZ-576035",2,"U",4566386,"Tinta Para Emborrachamento Automotivo Batida De Pedra Preto","TM INFINITY","VEHICLE PARTS & ACCESSORIES",{"v":21.67,"d":"R$ 21.67"},{"v":43.34,"d":"R$ 43.34"},"Acessórios para Veículos","Tuning","3P"]
["Rezago","RO-0-002-003-00-00","SHHF34576","RZ-608681",1,"U",160967,"Caixa Para Remédios Grande Com Alça De 6,2 Litros Cor Branca Ideal Para Armazenar Medicamentos Curativos E Acessórios Prática Resistente Durável Leve Moderna E Fácil De Transportar E Limpar","MRECOMM","CONSTRUCTION & INDUSTRY",{"v":21.66,"d":"R$ 21.66"},{"v":21.66,"d":"R$ 21.66"},"Ferramentas","Caixas e Organizadores","3P"]
["Rezago","RO-0-002-004-00-00","QJLZ88192","RZ-604069",1,"U",4574300,"Graxa Para Junta Homocinética 50g 10 Unidades","WEBMESSA","VEHICLE PARTS & ACCESSORIES",{"v":21.6,"d":"R$ 21.60"},{"v":21.6,"d":"R$ 21.60"},"Acessórios para Veículos","Aces. de Motos e Quadriciclos","3P"]
["Rezago","RO-0-002-003-00-00","GDOB10976","RZ-608681",1,"U",4582776,"Delet Vonixx Limpador Para Pneus E Borrachas 500ml","GUARASOL","VEHICLE PARTS & ACCESSORIES",{"v":20.96,"d":"R$ 20.96"},{"v":20.96,"d":"R$ 20.96"},"Acessórios para Veículos","Limpeza Automotiva","3P"]
["Rezago","RO-0-002-003-00-00","OLKY88401","RZ-608681",1,"U",4582776,"Coloração Soft Color Sem Amônia ( Clique E Escolha ) Wxz Cor 30 Castanho Escuro","MIDASCOSMETICO","BEAUTY",{"v":20.76,"d":"R$ 20.76"},{"v":20.76,"d":"R$ 20.76"},"Beleza e Cuidado Pessoal","Cuidados com o Cabelo","3P"]
["Rezago","RO-0-002-004-00-00","RNSR01243","RZ-354321",1,"E",4398072,"Impact Pre Lavagem 1,5l Limpa Motor E Caixa De Roda Vonixx","COLTRI STORE","VEHICLE PARTS & ACCESSORIES",{"v":20.52,"d":"R$ 20.52"},{"v":20.52,"d":"R$ 20.52"},"Acessórios para Veículos","Limpeza Automotiva","3P"]
["Retiro","RO-0-002-010-00-00","ISZR87744","RZ-576007",1,"U",4566028,"Jogo De Copos Vidro Kit 6 Peças 360ml Cozinha Água Suco","UTILITY COMERCIO","FURNISHING & HOUSEWARE",{"v":20.3,"d":"R$ 20.30"},{"$f":"K296*E296","v":{"v":20.3,"d":"R$ 20.30"}},"Casa, Móveis e Decoração","Cozinha","3P"]
["Retiro","RO-0-002-010-00-00","PZOM82297","RZ-576007",1,"C",4566028,"100 Corrente De Bolinha Com Canoa 10cm Tag Chaveiro Colorido","BINBINBINBIN20230620081418","FASHION",{"v":20.22,"d":"R$ 20.22"},{"v":20.22,"d":"R$ 20.22"},"Calçados, Roupas e Bolsas","Acessórios de Moda","3P"]
["Rezago","RO-0-002-003-00-00","NZUM84709","RZ-608681",1,"U",4593606,"Copo De Vidro Caldereta 300ml - Jogo 6 Peças - Suco Agua Chopp - Prima Rica","PRIMARICA","FURNISHING & HOUSEWARE",{"v":20.18,"d":"R$ 20.18"},{"v":20.18,"d":"R$ 20.18"},"Casa, Móveis e Decoração","Cozinha","3P"]
["Rezago","RO-0-002-004-00-00","ZJBL95387","RZ-604069",1,"U",4567064,"Copo Americano Caixa Com 24 Unidades Nadir 190ml","ALPHA_ÔMEGA","FURNISHING & HOUSEWARE",{"v":20.18,"d":"R$ 20.18"},{"v":20.18,"d":"R$ 20.18"},"Casa, Móveis e Decoração","Cozinha","3P"]
["Inventário","-",7898712241513,"-",1,"U","-","Produtos Diversos","Diversos","OTHERS",{"v":20,"d":"R$ 20.00"},{"v":20,"d":"R$ 20.00"},"Diversos","Outros","3P"]
["Inventário","-",7898964629572,"-",1,"U","-","Produtos Diversos","Diversos","OTHERS",{"v":20,"d":"R$ 20.00"},{"v":20,"d":"R$ 20.00"},"Diversos","Outros","3P"]
["Inventário","-",6902025101585,"-",3,"U","-","Produtos Diversos","Diversos","OTHERS",{"v":20,"d":"R$ 20.00"},{"v":60,"d":"R$ 60.00"},"Diversos","Outros","3P"]
["Inventário","-",7898253495963,"-",1,"U","-","Produtos Diversos","Diversos","OTHERS",{"v":20,"d":"R$ 20.00"},{"v":20,"d":"R$ 20.00"},"Diversos","Outros","3P"]
["Inventário","-",7898741807339,"-",1,"U","-","Produtos Diversos","Diversos","OTHERS",{"v":20,"d":"R$ 20.00"},{"v":20,"d":"R$ 20.00"},"Diversos","Outros","3P"]
["Inventário","-",7908323120869,"-",1,"U","-","Produtos Diversos","Diversos","OTHERS",{"v":20,"d":"R$ 20.00"},{"v":20,"d":"R$ 20.00"},"Diversos","Outros","3P"]
["Inventário","-",618231255689,"-",1,"U","-","Produtos Diversos","Diversos","OTHERS",{"v":20,"d":"R$ 20.00"},{"v":20,"d":"R$ 20.00"},"Diversos","Outros","3P"]
["Inventário","-",630941562932,"-",1,"U","-","Produtos Diversos","Diversos","OTHERS",{"v":20,"d":"R$ 20.00"},{"v":20,"d":"R$ 20.00"},"Diversos","Outros","3P"]
["Inventário","-",7898374660011,"-",1,"U","-","Produtos Diversos","Diversos","OTHERS",{"v":20,"d":"R$ 20.00"},{"v":20,"d":"R$ 20.00"},"Diversos","Outros","3P"]
["Inventário","-",7898623955059,"-",1,"U","-","Produtos Diversos","Diversos","OTHERS",{"v":20,"d":"R$ 20.00"},{"v":20,"d":"R$ 20.00"},"Diversos","Outros","3P"]
["Inventário","-",7891350037197,"-",5,"U","-","Produtos Diversos","Diversos","OTHERS",{"v":20,"d":"R$ 20.00"},{"v":100,"d":"R$ 100.00"},"Diversos","Outros","3P"]
["Inventário","-",7891691010996,"-",2,"U","-","Produtos Diversos","Diversos","OTHERS",{"v":20,"d":"R$ 20.00"},{"v":40,"d":"R$ 40.00"},"Diversos","Outros","3P"]
["Inventário","-",7898574023685,"-",1,"U","-","Produtos Diversos","Diversos","OTHERS",{"v":20,"d":"R$ 20.00"},{"v":20,"d":"R$ 20.00"},"Diversos","Outros","3P"]
["Inventário","-",7898566788769,"-",1,"U","-","Produtos Diversos","Diversos","OTHERS",{"v":20,"d":"R$ 20.00"},{"v":20,"d":"R$ 20.00"},"Diversos","Outros","3P"]
["Inventário","-",6976031290113,"-",1,"U","-","Produtos Diversos","Diversos","OTHERS",{"v":20,"d":"R$ 20.00"},{"v":20,"d":"R$ 20.00"},"Diversos","Outros","3P"]
["Inventário","-",7899790960044,"-",1,"U","-","Produtos Diversos","Diversos","OTHERS",{"v":20,"d":"R$ 20.00"},{"v":20,"d":"R$ 20.00"},"Diversos","Outros","3P"]
["Inventário","-",6902023080028,"-",1,"U","-","Produtos Diversos","Diversos","OTHERS",{"v":20,"d":"R$ 20.00"},{"v":20,"d":"R$ 20.00"},"Diversos","Outros","3P"]
["Inventário","-",7894650003756,"-",7,"U","-","Produtos Diversos","Diversos","OTHERS",{"v":20,"d":"R$ 20.00"},{"v":140,"d":"R$ 140.00"},"Diversos","Outros","3P"]
["Inventário","-",7890003596511,"-",1,"U","-","Produtos Diversos","Diversos","OTHERS",{"v":20,"d":"R$ 20.00"},{"v":20,"d":"R$ 20.00"},"Diversos","Outros","3P"]
["Inventário","-",7898936784124,"-",6,"U","-","Produtos Diversos","Diversos","OTHERS",{"v":20,"d":"R$ 20.00"},{"v":120,"d":"R$ 120.00"},"Diversos","Outros","3P"]
["Inventário","-",7891033487455,"-",1,"U","-","Produtos Diversos","Diversos","OTHERS",{"v":20,"d":"R$ 20.00"},{"v":20,"d":"R$ 20.00"},"Diversos","Outros","3P"]
["Inventário","-",78911150112544,"-",1,"U","-","Produtos Diversos","Diversos","OTHERS",{"v":20,"d":"R$ 20.00"},{"v":20,"d":"R$ 20.00"},"Diversos","Outros","3P"]
["Inventário","-",7898577797101,"-",1,"U","-","Produtos Diversos","Diversos","OTHERS",{"v":20,"d":"R$ 20.00"},{"v":20,"d":"R$ 20.00"},"Diversos","Outros","3P"]
["Inventário","-",7898907463010,"-",1,"U","-","Produtos Diversos","Diversos","OTHERS",{"v":20,"d":"R$ 20.00"},{"v":20,"d":"R$ 20.00"},"Diversos","Outros","3P"]
["Inventário","-",7898483461134,"-",1,"U","-","Produtos Diversos","Diversos","OTHERS",{"v":20,"d":"R$ 20.00"},{"v":20,"d":"R$ 20.00"},"Diversos","Outros","3P"]
["Inventário","-",8718699656218,"-",1,"U","-","Produtos Diversos","Diversos","OTHERS",{"v":20,"d":"R$ 20.00"},{"v":20,"d":"R$ 20.00"},"Diversos","Outros","3P"]
["Rezago","RO-0-002-004-00-00","EIYF27973","RZ-354321",8,"E",4396490,"Zelotril 50mg Para Cães E Gatos C/ 12 Comprimidos - Agener","TOMMY_0811","CPG",{"v":19.99,"d":"R$ 19.99"},{"v":159.92,"d":"R$ 159.92"},"Pet Shop","Cães","3P"]
["Rezago","RO-0-002-004-00-00","MUHP80154","RZ-604069",1,"D",4567064,"Kit 5 Esmaltes Gel Cores Em Alta + Cabine Sun","TERA3976392","BEAUTY",{"v":19.89,"d":"R$ 19.89"},{"$f":"K327*E327","v":{"v":19.89,"d":"R$ 19.89"}},"Beleza e Cuidado Pessoal","Manicure e Pedicure","3P"]
["Retiro","RO-0-002-010-00-00","WTKM50092","RZ-576007",1,"U",4566028,"Creme Duo Gel Morango Hidratação Perfumada","KPRICHE DIGITAL","BEAUTY",{"v":19.79,"d":"R$ 19.79"},{"v":19.79,"d":"R$ 19.79"},"Beleza e Cuidado Pessoal","Cuidados com a Pele","3P"]
["Rezago","RO-0-002-003-00-00","BSRA85173","RZ-608681",12,"U",4583344,"Massa Para Polimento N2 Pérola Detalhamento Base Água","FORTEDOSVENTILADORESFORTEDO","VEHICLE PARTS & ACCESSORIES",{"v":19.57,"d":"R$ 19.57"},{"v":234.84,"d":"R$ 234.84"},"Acessórios para Veículos","Limpeza Automotiva","3P"]
["Rezago","RO-0-002-004-00-00","PNBB82492","RZ-354321",1,"C",4398074,"Adubo Fertilizante Npk 10.10.10 Com 5k","EMANUELLEEMANUELLE202206072052","CONSTRUCTION & INDUSTRY",{"v":19.39,"d":"R$ 19.39"},{"v":19.39,"d":"R$ 19.39"},"Casa, Móveis e Decoração","Jardim e Ar Livre","3P"]
["Retiro","RO-0-002-010-00-00","HQJA77406","RZ-576007",4,"U",4566028,"Toner Compatível Com Brother Tn116 Tn-116 Hl-l1232wv Hl-l1222 Byqualy Preto","ASPENTECNOLOGIA","TECHNOLOGY",{"v":19.29,"d":"R$ 19.29"},{"$f":"K331*E331","v":{"v":77.16,"d":"R$ 77.16"}},"Informática","Impressão","3P"]
["Retiro","RO-0-002-010-00-00","RFOC67146","RZ-576007",1,"U",4566028,"Graxa Branca Base Lítio Naútica Automotiva E Motos Gitanes 500g","RAPPIMIXCOM","VEHICLE PARTS & ACCESSORIES",{"v":19.18,"d":"R$ 19.18"},{"v":19.18,"d":"R$ 19.18"},"Acessórios para Veículos","Lubrificantes e Fluidos","3P"]
["Rezago","RO-0-002-003-00-00","WEYY60842","RZ-608681",1,"U",4582776,"Propomax Extrato Aquoso De Própolis S/ Álcool 30ml Apisflora","FAMIVITA","CPG",{"v":19.07,"d":"R$ 19.07"},{"v":19.07,"d":"R$ 19.07"},"Alimentos e Bebidas","Mercearia","3P"]
["Rezago","RO-0-002-003-00-00","ROSW20825","RZ-608681",3,"U",160967,"Mandril De Furadeira Adaptador Sds Plus Martelete 3pcs","RAYFINE","CONSTRUCTION & INDUSTRY",{"v":18.72,"d":"R$ 18.72"},{"v":56.16,"d":"R$ 56.16"},"Ferramentas","Acessórios para Ferramentas","3P"]
["Rezago","RO-0-002-004-00-00","EOAA89465","RZ-604069",1,"U",4567064,"Doce De Laranja Calda Reserva De Minas 650g","EMPORIORESERVADEMINAS","CPG",{"v":18.66,"d":"R$ 18.66"},{"v":18.66,"d":"R$ 18.66"},"Alimentos e Bebidas","Mercearia","3P"]
["Retiro","RO-0-002-010-00-00","OAPX08691","RZ-576007",2,"U",4566028,"Trava Porta Magnético Fixador Adesivo Prendedor Imã","VIDA_CRIATIVO","FURNISHING & HOUSEWARE",{"v":18.54,"d":"R$ 18.54"},{"v":37.08,"d":"R$ 37.08"},"Casa, Móveis e Decoração","Segurança para Casa","3P"]
["Rezago","RO-0-002-004-00-00","FAZG89533","RZ-604069",1,"U",4574300,"Desengraxante Solifes 1000ml Biodegradável Bike Bicicleta","KBS KAUFMANNS.BIKE.SHOP","SPORTS",{"v":18.29,"d":"R$ 18.29"},{"v":18.29,"d":"R$ 18.29"},"Esportes e Fitness","Ciclismo","3P"]
["Rezago","RO-0-002-003-00-00","FRHI97058","RZ-608681",1,"U",4593606,"Jogo De Copos De Vidro Long Drink Para Água E Suco 255ml 6pcs Ruvolo","MEUCOPO","FURNISHING & HOUSEWARE",{"v":18.09,"d":"R$ 18.09"},{"v":18.09,"d":"R$ 18.09"},"Casa, Móveis e Decoração","Cozinha","3P"]
["Rezago","RO-0-002-003-00-00","EYMU15388","RZ-608681",1,"U",4583344,"Lubrificante V-lub Pintura Para Claybar V-bar Vonixx 500ml","TINTAS GONÇALVES","CPG",{"v":17.93,"d":"R$ 17.93"},{"v":17.93,"d":"R$ 17.93"},"Acessórios para Veículos","Limpeza Automotiva","3P"]
["Rezago","RO-0-002-003-00-00","EOQH90395","RZ-608681",1,"U",4593606,"Kit 6 Gelo Gel Artificial Reutilizável Rígido 500ml Gelotech Cooler Caixa Térmica Isopor Transporte Alimentos Bebidas","BELLALUZ ILUMINAÇÃO","FURNISHING & HOUSEWARE",{"v":17.85,"d":"R$ 17.85"},{"v":17.85,"d":"R$ 17.85"},"Casa, Móveis e Decoração","Cozinha","3P"]
["Retiro","RO-0-002-005-00-00","PFQT26999","RZ-576035",1,"U",4566386,"Jogo Com 5 Potes De Vidro Herméticos Com Tampa Tigela Redondo Marmita Ms Variedades E Utilidades Sortido","FAVORITODAWEB","FURNISHING & HOUSEWARE",{"v":17.82,"d":"R$ 17.82"},{"v":17.82,"d":"R$ 17.82"},"Casa, Móveis e Decoração","Cozinha","3P"]
["Retiro","RO-0-002-005-00-00","LDAC38630","RZ-576035",1,"U",4566386,"Ureia Adubo Fertilizante Granulado Plantas Flores Vasos 1kg","SOLOGARDEN","CONSTRUCTION & INDUSTRY",{"v":17.75,"d":"R$ 17.75"},{"v":17.75,"d":"R$ 17.75"},"Casa, Móveis e Decoração","Jardim e Ar Livre","3P"]
["Retiro","RO-0-002-010-00-00","DNSB45372","RZ-576007",19,"D",4566028,"Kit 10 Fita Compatível Brother M231 Mk231 T 12mm Pt 80 70 90","ASPENTECNOLOGIA","CONSTRUCTION & INDUSTRY",{"v":17.65,"d":"R$ 17.65"},{"v":335.35,"d":"R$ 335.35"},"Indústria e Comércio","Equipamento para Comércios","3P"]
["Retiro","RO-0-002-010-00-00","PZYA17731","RZ-576007",1,"U",4566028,"Frigideira Ovo Omelete Hambúrguer Antiaderente Teflon 14cm","WOZNIAK_STORE","FURNISHING & HOUSEWARE",{"v":17.55,"d":"R$ 17.55"},{"v":17.55,"d":"R$ 17.55"},"Casa, Móveis e Decoração","Cozinha","3P"]
["Retiro","RO-0-002-010-00-00","ZSMM01052","RZ-576007",1,"U",4566028,"Shampoo Para Carro Snow Foam Lava Autos Mittus 500ml Zacs","STORE_PMM","VEHICLE PARTS & ACCESSORIES",{"v":16.75,"d":"R$ 16.75"},{"v":16.75,"d":"R$ 16.75"},"Acessórios para Veículos","Limpeza Automotiva","3P"]
["Rezago","RO-0-002-003-00-00","BOKM95683","RZ-608681",3,"D",4592974,"Luvas Descartáveis Talge Luvas De Látex Cor Natural Tamanho P De Látex Com Pó X 100 Unidades","TAMAROZZI EMBALAGENS","HEALTH",{"v":16.67,"d":"R$ 16.67"},{"v":50.01,"d":"R$ 50.01"},"Saúde","Equipamento Médico","3P"]
["Rezago","RO-0-002-003-00-00","PGKC81239","RZ-608681",1,"U",160967,"Kit Shampoo Condicionador Perfume Cães Banho Pet Clean Pop","ENJOY PETS","CPG",{"v":16.64,"d":"R$ 16.64"},{"v":16.64,"d":"R$ 16.64"},"Pet Shop","Cães","3P"]
["Rezago","RO-0-002-004-00-00","SZGU67237","RZ-604069",1,"U",4567064,"Kit 3 Cores Atacado Risqué Tons De Nude Marrom Escuro","DOCEBERCO2","BEAUTY",{"v":16.54,"d":"R$ 16.54"},{"v":16.54,"d":"R$ 16.54"},"Beleza e Cuidado Pessoal","Manicure e Pedicure","3P"]
["Rezago","RO-0-002-004-00-00","VHDQ99334","RZ-354321",1,"C",4398074,"Kit Pente Pata Pata Ou Escova Oval Com 24 Unidades","BABYPOSTBRASIL","BEAUTY",{"v":16.35,"d":"R$ 16.35"},{"v":16.35,"d":"R$ 16.35"},"Beleza e Cuidado Pessoal","Artigos para Cabeleireiros","3P"]
["Rezago","RO-0-002-003-00-00","NIQW26127","RZ-608681",1,"U",4593606,"Canetinhas Touch Coloridas Caneta Marca Texto Ponta Dupla Estojo 60 Cores Kit Bolsa Estojo Para Colorir Conjunto Bolsa De Canetas Marcadores Permanente Pintura Desenho Profissional Pop Imports","FORCEUTIL","CONSTRUCTION & INDUSTRY",{"v":15.96,"d":"R$ 15.96"},{"$f":"K350*E350","v":{"v":15.96,"d":"R$ 15.96"}},"Arte, Papelaria e Armarinho","Materiais Escolares","3P"]
["Rezago","RO-0-002-003-00-00","ZCMD91100","RZ-608681",1,"U",4582776,"Papel Higiênico Neve 20m 12un","MIDASCOSMETICO","CPG",{"v":15.91,"d":"R$ 15.91"},{"v":15.91,"d":"R$ 15.91"},"Casa, Móveis e Decoração","Cuidado da Casa e Lavanderia","3P"]
["Rezago","RO-0-002-003-00-00","GUEM13462","RZ-608681",1,"C",4593606,"Fx 5888 - Azul E Vermelho","UNIVERSALCARTVENDAS","FURNISHING & HOUSEWARE",{"v":15.76,"d":"R$ 15.76"},{"v":15.76,"d":"R$ 15.76"},"Casa, Móveis e Decoração","Cuidado da Casa e Lavanderia","3P"]
["Rezago","RO-0-002-003-00-00","XHOC55430","RZ-608681",2,"U",4582776,"Pneu Pretinho Brilho Intenso Abrilhantador Vonixx 1500ml Cor Preto","ARMAZEM LESTECOMERCIALFERRAGEN","VEHICLE PARTS & ACCESSORIES",{"v":15.73,"d":"R$ 15.73"},{"v":31.46,"d":"R$ 31.46"},"Acessórios para Veículos","Limpeza Automotiva","3P"]
["Rezago","RO-0-002-004-00-00","WLMZ13502","RZ-354321",1,"E",4398072,"Cloro Ativo Uau Refil Multiuso Alto Poder Bactericida - Nfe","MYLSTORE_","CPG",{"v":15.48,"d":"R$ 15.48"},{"v":15.48,"d":"R$ 15.48"},"Casa, Móveis e Decoração","Cuidado da Casa e Lavanderia","3P"]
["Retiro","RO-0-002-005-00-00","ERLC30996","RZ-576035",1,"U",4566386,"Flex Mouve Caneleira De Peso 2kg Preto Par Tornozeleira Peso Academia","OLIVEIRA FLEX","SPORTS",{"v":14.8,"d":"R$ 14.80"},{"$f":"K355*E355","v":{"v":14.8,"d":"R$ 14.80"}},"Esportes e Fitness","Fitness e Musculação","3P"]
["Rezago","RO-0-002-003-00-00","OQJG98260","RZ-608681",5,"U",4583344,"Gesso Rápido Multiuso 5kg  Branco","BAZAROUROEPRATA","CONSTRUCTION & INDUSTRY",{"v":14.54,"d":"R$ 14.54"},{"v":72.7,"d":"R$ 72.70"},"Construção","Materiais de Obra","3P"]
["Rezago","RO-0-002-004-00-00","BTWM06427","RZ-604069",1,"U",4567064,"Elevador De Ph Barrilha Leve 2 Kg","INOVATECHVENDAS","CONSTRUCTION & INDUSTRY",{"v":14.22,"d":"R$ 14.22"},{"v":14.22,"d":"R$ 14.22"},"Casa, Móveis e Decoração","Jardim e Ar Livre","3P"]
["Retiro","RO-0-002-010-00-00","GWST96621","RZ-576007",1,"U",4550220,"Barrilha Leve 2kg Elevador De Ph P/ Piscina Togmax Água","VATTEN COMÉRCIO","CONSTRUCTION & INDUSTRY",{"v":13.13,"d":"R$ 13.13"},{"v":13.13,"d":"R$ 13.13"},"Casa, Móveis e Decoração","Jardim e Ar Livre","3P"]
["Rezago","RO-0-002-004-00-00","RCIC42985","RZ-604069",3,"U",4567064,"Areia Higiênica Gato Mandio Cat Premium Biodegradável 2kg","JJLMEGASTORE","CPG",{"v":12.9,"d":"R$ 12.90"},{"v":38.7,"d":"R$ 38.70"},"Pet Shop","Gatos","3P"]
["Retiro","RO-0-002-010-00-00","STAG79736","RZ-576007",1,"U",4566028,"Doce De Leite Puro Diet Zero Açucar Reserva De Minas 210g","EMPORIORESERVADEMINAS","CPG",{"v":12.88,"d":"R$ 12.88"},{"v":12.88,"d":"R$ 12.88"},"Alimentos e Bebidas","Mercearia","3P"]
["Rezago","RO-0-002-003-00-00","KBIM02281","RZ-608681",11,"U",160967,"Tinta De Couro Premium Ideal Para Sapatos Jaquetas E Sofás","AMYCOURO","FASHION",{"v":12.37,"d":"R$ 12.37"},{"v":136.07,"d":"R$ 136.07"},"Calçados, Roupas e Bolsas","Calçados","3P"]
["Rezago","RO-0-002-003-00-00","CMYR70941","RZ-608681",22,"E",4593606,"Cabo Velocimetro Honda Cg Titan 150 04 A 08 Fan 125 09 A 13","FLASHIMPORTS_01","VEHICLE PARTS & ACCESSORIES",{"v":12.22,"d":"R$ 12.22"},{"v":268.84,"d":"R$ 268.84"},"Acessórios para Veículos","Peças de Motos e Quadriciclos","3P"]
["Retiro","RO-0-002-005-00-00","EIPZ67373","RZ-576035",2,"U",4566386,"Cotoveleira Ortopédica Ajustável Protetor Tendinite Academia - Preto","VFF IMPORT","HEALTH",{"v":12.11,"d":"R$ 12.11"},{"v":24.22,"d":"R$ 24.22"},"Saúde","Ortopedia","3P"]
["Rezago","RO-0-002-003-00-00","QJKX38546","RZ-608681",1,"U",160967,"Massa F12 Calafetar Correção Madeira Viapol 400g Div Cores","CASA META","CONSTRUCTION & INDUSTRY",{"v":11.77,"d":"R$ 11.77"},{"v":11.77,"d":"R$ 11.77"},"Arte, Papelaria e Armarinho","Outros","3P"]
["Rezago","RO-0-002-004-00-00","ZCWC00893","RZ-604069",1,"U",4567064,"Top Coat Blant Efeito Gel Incolor 8,5ml","GLOWMAKEUPCOSMETICOS","BEAUTY",{"v":11.41,"d":"R$ 11.41"},{"v":11.41,"d":"R$ 11.41"},"Beleza e Cuidado Pessoal","Manicure e Pedicure","3P"]
["Rezago","RO-0-002-004-00-00","WAUJ89227","RZ-354321",1,"C",4398074,"Tintura Tinta Cabelos Maxton Creme Kit 1.0 Preto","LIDEOLI STORE","BEAUTY",{"v":11.25,"d":"R$ 11.25"},{"v":11.25,"d":"R$ 11.25"},"Beleza e Cuidado Pessoal","Maquiagem","3P"]
["Rezago","RO-0-002-004-00-00","ZWDF30460","RZ-604069",1,"U",4567064,"Óleo Tectire Tec-50 60ml Base De Cera","PANTIOR","SPORTS",{"v":11.18,"d":"R$ 11.18"},{"$f":"K367*E367","v":{"v":11.18,"d":"R$ 11.18"}},"Esportes e Fitness","Ciclismo","3P"]
["Retiro","RO-0-002-010-00-00","JAVP52446","RZ-576007",1,"U",4566028,"Aditivo Para Radiador Paraflu Rosa Diluído Pronto Pra Uso","KARHUB AUTOPECAS","VEHICLE PARTS & ACCESSORIES",{"v":10.91,"d":"R$ 10.91"},{"v":10.91,"d":"R$ 10.91"},"Acessórios para Veículos","Lubrificantes e Fluidos","3P"]
["Rezago","RO-0-002-003-00-00","OGMS58990","RZ-608681",1,"U",4582776,"Salon Line Sos Cachos Óleo De Tratamento Óleo De Coco 42ml","SALON LINE","BEAUTY",{"v":10.8,"d":"R$ 10.80"},{"v":10.8,"d":"R$ 10.80"},"Beleza e Cuidado Pessoal","Cuidados com o Cabelo","3P"]
["Retiro","RO-0-002-010-00-00","PIST61293","RZ-576007",2,"U",4566028,"Desempenadeira Plástica Psai 22x34cm Lisa 1 Peça","HEDAVARIEDADES","CONSTRUCTION & INDUSTRY",{"v":10.75,"d":"R$ 10.75"},{"v":21.5,"d":"R$ 21.50"},"Ferramentas","Ferramentas Manuais","3P"]
["Retiro","RO-0-002-010-00-00","XWFR57459","RZ-576007",1,"U",4566028,"Parafuso Allen Inox Cabeça Chata Cônica M6 X 30mm Kit 10 Pçs","USINIK","CONSTRUCTION & INDUSTRY",{"v":10.72,"d":"R$ 10.72"},{"v":10.72,"d":"R$ 10.72"},"Construção","Materiais de Obra","3P"]
["Rezago","RO-0-002-004-00-00","GFUV96841","RZ-604069",1,"U",4574300,"Abridor De Garrafa Vinho Saca Rolhas Aço Inox Clink","SHOWMELIER","FURNISHING & HOUSEWARE",{"v":10.57,"d":"R$ 10.57"},{"v":10.57,"d":"R$ 10.57"},"Casa, Móveis e Decoração","Cozinha","3P"]
["Retiro","RO-0-002-010-00-00","JPJX45393","RZ-576007",4,"U",4566028,"Placa Gelo - Gel Reutilizável 200ml Kit C/ 4 Unid 12x6x2,5cm Cor Azul","LTG COMMERCE","SPORTS",{"v":10.57,"d":"R$ 10.57"},{"v":42.28,"d":"R$ 42.28"},"Esportes e Fitness","Camping, Caça e Pesca","3P"]
["Rezago","RO-0-002-004-00-00","ACEH96479","RZ-604069",5,"U",4574300,"Controle Remoto Smart Tv Led Compativel Samsung 3d Futebol","TITANIUMSHOPP","HOME ELECTRONICS",{"v":10.28,"d":"R$ 10.28"},{"v":51.4,"d":"R$ 51.40"},"Eletrônicos, Áudio e Vídeo","Controles Remotos","3P"]
["Rezago","RO-0-002-004-00-00","VDRC49059","RZ-604069",4,"U",4567064,"Abaixador De Língua Em Madeira C/100 Un Talge","OMNISTORTE","BEAUTY",{"v":9.52,"d":"R$ 9.52"},{"v":38.08,"d":"R$ 38.08"},"Beleza e Cuidado Pessoal","Depilação","3P"]
["Retiro","RO-0-002-010-00-00","SFBR14727","RZ-576007",13,"D",4566028,"Limpa Jóias Verdadeiras Ouro Puro 18k Maxim 40ml Branco","VISU JOIAS","FASHION",{"v":9.44,"d":"R$ 9.44"},{"v":122.72,"d":"R$ 122.72"},"Joias e Relógios","Artigos de Joalharia","3P"]
["Rezago","RO-0-002-003-00-00","YCBR55760","RZ-608681",1,"U",4583344,"Suporte Para Telemóvel Portátil Com Rotação De 360° Preto - Preto","CC20250225073502","TECHNOLOGY",{"v":9.31,"d":"R$ 9.31"},{"v":9.31,"d":"R$ 9.31"},"Informática","Tablets e Acessórios","3P"]
["Rezago","RO-0-002-003-00-00","CZSA84745","RZ-608681",1,"U",4593606,"Coçador Regulável Para Costa Metal Caveira","CHENCLAUDIO","BEAUTY",{"v":8.89,"d":"R$ 8.89"},{"v":8.89,"d":"R$ 8.89"},"Beleza e Cuidado Pessoal","Higiene Pessoal","3P"]
["Retiro","RO-0-002-010-00-00","QJYP92154","RZ-576007",1,"U",4566028,"Lixeira Cesto De Escritório Prata Telada Aramado","LRA_IMPORTS","FURNISHING & HOUSEWARE",{"v":8.44,"d":"R$ 8.44"},{"v":8.44,"d":"R$ 8.44"},"Indústria e Comércio","Equipamento para Escritórios","3P"]
["Rezago","RO-0-002-003-00-00","PIFY47723","RZ-608681",1,"U",4582776,"Porta Lapís, Caneta, Clips, Lembrete, Cristal, Novacril","LOJA ATONY","CONSTRUCTION & INDUSTRY",{"v":8.26,"d":"R$ 8.26"},{"v":8.26,"d":"R$ 8.26"},"Arte, Papelaria e Armarinho","Materiais Escolares","3P"]
["Rezago","RO-0-002-004-00-00","WHQB27703","RZ-604069",1,"U",4567064,"Milho Para Pipoca Tipo 1 Yoki Premium Pacote 400g","DFULL_MULTIMERCADO","CPG",{"v":7.59,"d":"R$ 7.59"},{"v":7.59,"d":"R$ 7.59"},"Alimentos e Bebidas","Mercearia","3P"]
["Rezago","RO-0-002-004-00-00","VWFA00886","RZ-604069",1,"U",4574300,"Granalha De Aço Angular Para Jateamento Com 1 Kg","BLAST AIR","CONSTRUCTION & INDUSTRY",{"v":6.55,"d":"R$ 6.55"},{"v":6.55,"d":"R$ 6.55"},"Ferramentas","Ferramentas Industriais","3P"]
["Rezago","RO-0-002-004-00-00","NIFA66706","RZ-604069",1,"U",4567064,"Revitalizador De Plásticos E Parachoques Anil 100g","ANILSOLUCOES","CPG",{"v":4.43,"d":"R$ 4.43"},{"v":4.43,"d":"R$ 4.43"},"Acessórios para Veículos","Limpeza Automotiva","3P"]
["Rezago","RO-0-002-004-00-00","ROSW29835","RZ-604069",1,"C",4574300,"Prendedor De Roupa Madeira Varal  Pacote Com 24 Unidades","CHMSHOP","CPG",{"v":3.22,"d":"R$ 3.22"},{"v":3.22,"d":"R$ 3.22"},"Casa, Móveis e Decoração","Cuidado da Casa e Lavanderia","3P"]

{"sheet":"Resumo","index":1,"n_rows":4,"n_cols":2,"rows_kept":4,"merged":[[0,0,0,1]]}
["LOTE 58 - RC01 - 3P"]
["QUANTIDADE",{"$f":"'LOTE 3P'!E6","v":{"v":1122,"d":"1,122"}}]
["VALOR REF.",{"$f":"'LOTE 3P'!L6","v":{"v":49668.08,"d":"R$ 49,668.08"}}]
["OFERTA"]

{"sheet":"Cronograma","index":2,"n_rows":18,"n_cols":3,"rows_kept":18}
["Segue abaixo cronograma do processo:","Data e Endereço","Horário"]
[]
["1. Envio do contrato de compra e venda para análise e assinatura","Em até 1 dia após o fechamento"]
["2. Transferência do valor do pagamento pelo provedor","Em até 1 dia após o fechamento"]
["3. Solicitar ao Fiscal a emissão da nota de lançamento do lote","Em até 1 dia após o fechamento"]
["4. Separação física (feito);"]
["4. Recolha de lotes pelo provedor.","Em até 5 dias após o fechamento do lote","Das 8:00 às 13:00"]
["5. Carro","1 Toco"]
["6. Reforço que é expressamente proibido pelo Meli o carregamento em caminhões Sider e caminhões com plataforma."]
["7. Provedor que estiver com alguma pendência junto ao Meli, as ofertas serão desconsideradas até sua regularização."]
["Local de carregamento: ","R. Pista Lateral, 127 - Perus, São Paulo - SP - 05276-950"]
[]
[]
["2.7. A COMPRADORA declara e concorda que poderá haver diferença, tanto para mais como menos, da quantidade/classificação dos produtos contidos em referido lote, não podendo essa diferença ultrapassar o limite de 5% (cinco por cento).\n"]
["2.7.1. Caso seja constatada a diferença, inferior ou superior a 5% (cinco por cento), a COMPRADORA deverá informar a VENDEDORA sobre a divergência em até 72 (setenta e duas) horas, do pagamento e recebimento do lote dos Produtos."]
["5.1. Sem prejuízo dos demais direitos ou recursos cabíveis, o não cumprimento de quaisquer das cláusulas e condições previstas no presente Contrato acarretará à COMPRADORA o pagamento de multa correspondente a 10% (dez por cento) do valor do Preço."]
[]
["Caso o envio da comunicação não seja feito no prazo, a divergência será considerada aceita pela COMPRADORA."]